{"text_format":"2","workbook":"xlsx","n_sheets":5,"sheets":["ORÇAMENTO","CPU","BDI SERV","BDI FORN","CRONOGRAMA"],"not_rendered":{"charts":0,"images":2,"macros":0,"external_links":0,"defined_names":6,"comments":1,"pivot_tables":0},"unopened":[],"bounds":{"document_bytes":16777216,"sheet_cells":100000,"run_cost":"one","rows_first":2000,"rows_last":500,"rows_between":2000,"halvings":0,"cell_chars":16384,"cell_head_chars":4096},"cells_cut":0,"cells_raw":0,"read":"whole","date_system":"1900"}

{"sheet":"ORÇAMENTO","index":0,"n_rows":37,"n_cols":9,"rows_kept":37,"cut":false,"hidden":false,"merged":[[36,1,36,2],[0,0,7,0],[0,2,0,8],[1,2,1,8],[2,2,2,8],[4,2,4,8],[5,6,5,7],[6,1,6,2],[6,6,6,7],[18,6,18,7]]}
["<---- NUMERAR SERVIÇOS PARA CPU",null,"Ministério do Desenvolvimento Regional"]
[null,null,"Companhia de Desenvolvimento dos Vales do São Francisco e do Parnaíba"]
[null,null,"1ª Superintendência Regional"]
[]
[null,"OBRA: "," PAVIMENTAÇÃO ASFÁLTICA EM CBUQ – PROLONGAMENTO DO BAIRRO SÃO GERALDO - ITEM 02 -  (MORADA NOVA DE MINAS / MG)"]
[null,"DATA:"," AGOSTO / 2023   ",null,null,null,"BDI Serviços:",null,{"$f":"'BDI SERV'!D31/100","v":0.22219999999999998}]
[null,"PRAZO DE EXECUÇÃO:     180 DIAS",{"$nulls":4},"BDI Serviços:",null,{"$f":"'BDI FORN'!D31/100","v":0.15}]
[null,"ITEM","DISCRIMINAÇÃO","REFER.","UNID.","QUANT.","P. UNITÁRIO","P.UNIT.C/ BDI","P. TOTAL"]
["A",1,"SERVIÇOS PRELIMINARES ",{"$nulls":5},{"$f":"SUM(I10:I14)","v":151463.26}]
[1,"1.1","MOBILIZAÇÃO E DESMOBILIZAÇÃO","CPU.1","GL",1,{"$f":"VLOOKUP(A10,CPU!$A$1:$N$4628,9)","v":11856.48},{"$f":"VLOOKUP(A10,CPU!$A$1:$N$4628,10)","v":14490.99},{"$f":"ROUND(F10*H10,2)","v":14490.99}]
[2,"1.2","ADMINISTRAÇÃO LOCAL","CPU.2","GL",1,{"$f":"VLOOKUP(A11,CPU!$A$1:$N$4628,9)","v":90558.12},{"$f":"VLOOKUP(A11,CPU!$A$1:$N$4628,10)","v":110680.13},{"$f":"ROUND(F11*H11,2)","v":110680.13}]
[3,"1.3","CANTEIRO DE OBRAS","CPU.3","GL",1,{"$f":"VLOOKUP(A12,CPU!$A$1:$N$4628,9)","v":14356.5},{"$f":"VLOOKUP(A12,CPU!$A$1:$N$4628,10)","v":17546.509999999998},{"$f":"ROUND(F12*H12,2)","v":17546.509999999998}]
[4,"1.4","PLACA DE OBRA EM CHAPA DE AÇO GALVANIZADO",103689,"M2",3,{"$f":"VLOOKUP(A13,CPU!$A$1:$N$4628,9)","v":339.72},{"$f":"VLOOKUP(A13,CPU!$A$1:$N$4628,10)","v":415.21},{"$f":"ROUND(F13*H13,2)","v":1245.6300000000001}]
[5,"1.5","SERVIÇOS TOPOGRÁFICOS PARA PAVIMENTAÇÃO, INCLUSIVE NOTA DE SERVIÇO, ACOMPANHAMENTO E GREIDE",78472,"M2",18750,{"$f":"VLOOKUP(A14,CPU!$A$1:$N$4628,9)","v":0.32999999999999996},{"$f":"VLOOKUP(A14,CPU!$A$1:$N$4628,10)","v":0.4},{"$f":"ROUND(F14*H14,2)","v":7500}]
["B",2,"PAVIMENTAÇÃO",{"$nulls":5},{"$f":"SUM(I16:I23)","v":259823.62}]
[6,"2.1","ESCAVAÇÃO HORIZONTAL EM SOLO DE 1A CATEGORIA ",101116,"M3",5699.9979999999996,{"$f":"VLOOKUP(A16,CPU!$A$1:$N$4628,9)","v":2.0300000000000002},{"$f":"VLOOKUP(A16,CPU!$A$1:$N$4628,10)","v":2.48},{"$f":"ROUND(F16*H16,2)","v":14136}]
[7,"2.2","CARGA, MANOBRA E DESCARGA DE SOLOS E MATERIAIS GRANULARES EM CAMINHÃO BASCULANTE",100976,"M3",5699.9979999999996,{"$f":"VLOOKUP(A17,CPU!$A$1:$N$4628,9)","v":7.99},{"$f":"VLOOKUP(A17,CPU!$A$1:$N$4628,10)","v":9.77},55688.98]
[8,"2.3","REGULARIZAÇÃO E COMPACTAÇÃO DO SUBLEITO ",100577,"M2",18750,{"$f":"VLOOKUP(A18,CPU!$A$1:$N$4628,9)","v":1.1299999999999999},{"$f":"VLOOKUP(A18,CPU!$A$1:$N$4628,10)","v":1.38},25875]
[null,"2.4","CASCALHO DE CAVA - EXCLUSIVE TRANSPORTE","-","M3",2850.0039999999999,"FORNECIDO PELA PREFEITURA",null,"-"]
[9,"2.5","EXECUÇÃO E COMPACTAÇÃO DE BASE E OU SUB BASE PARA PAVIMENTAÇÃO EM CASCALHO - EXCLUSIVE SOLO, ESCAVAÇÃO, CARGA E TRANSPORTE.",96388,"M3",2850.0039999999999,{"$f":"VLOOKUP(A20,CPU!$A$1:$N$4628,9)","v":12.99},{"$f":"VLOOKUP(A20,CPU!$A$1:$N$4628,10)","v":15.88},45258.06]
[10,"2.6","IMPRIMAÇÃO COM EMULSÃO ASFÁLTICA (EAI)",96401,"M2",18750,{"$f":"VLOOKUP(A21,CPU!$A$1:$N$4628,9)","v":1.1200000000000001},{"$f":"VLOOKUP(A21,CPU!$A$1:$N$4628,10)","v":1.37},25687.5]
[11,"2.7","PINTURA DE LIGAÇÃO COM EMULSÃO ASFÁLTICA RR-1C",96402,"M2",16699.996999999999,{"$f":"VLOOKUP(A22,CPU!$A$1:$N$4628,9)","v":0.93000000000000016},{"$f":"VLOOKUP(A22,CPU!$A$1:$N$4628,10)","v":1.1399999999999999},19038]
[12,"2.8","EXECUÇÃO DE PAVIMENTO COM APLICAÇÃO DE CONCRETO ASFÁLTICO USINADO A QUENTE (CBUQ), CAMADA DE ROLAMENTO - EXCLUSIVE TRANSPORTE",95995,"M3",500.00050999999991,{"$f":"VLOOKUP(A23,CPU!$A$1:$N$4628,9)","v":121.32},{"$f":"VLOOKUP(A23,CPU!$A$1:$N$4628,10)","v":148.28},74140.08]
["C",3,"TRANSPORTE DE MATERIAIS",{"$nulls":5},{"$f":"SUM(I25:I26)","v":168624.97999999998}]
[13,"3.1","TRANSPORTE COM CAMINHÃO BASCULANTE, EM VIA URBANA PAVIMENTADA",95877,"M3XKM",84999.996899999998,{"$f":"VLOOKUP(A25,CPU!$A$1:$N$4628,9)","v":1.6099999999999999},{"$f":"VLOOKUP(A25,CPU!$A$1:$N$4628,10)","v":1.97},{"$f":"ROUND(F25*H25,2)","v":167449.99}]
[14,"3.2","TRANSPORTE COM CAMINHÃO CARROCERIA 9T, EM VIA URBANA PAVIMENTADA",100947,"TXKM",499.99765856000016,{"$f":"VLOOKUP(A26,CPU!$A$1:$N$4628,9)","v":1.92},{"$f":"VLOOKUP(A26,CPU!$A$1:$N$4628,10)","v":2.35},{"$f":"ROUND(F26*H26,2)","v":1174.99}]
["D",4,"TRANSPORTE DE MATERIAL ASFÁLTICO (BDI DIFERENCIADO)",{"$nulls":5},{"$f":"SUM(I28:I29)","v":174150}]
[15,"4.1","TRANSPORTE DE MASSA ASFÁLTICA COM CAMINHÃO BASCULANTE, EM VIA URBANA PAVIMENTADA (BDI DIFERENCIADO)",95427,"TXKM",225000,{"$f":"VLOOKUP(A28,CPU!$A$1:$N$4628,9)","v":0.64999999999999991},{"$f":"VLOOKUP(A28,CPU!$A$1:$N$4628,10)","v":0.75},{"$f":"ROUND(F28*H28,2)","v":168750}]
[16,"4.2","TRANSPORTE COM CAMINHÃO TANQUE DE TRANSPORTE DE MATERIAL ASFÁLTICO DE 30000 L, EM VIA URBANA PAVIMENTADA (BDI DIFERENCIADO)",102331,"TXKM",10000,{"$f":"VLOOKUP(A29,CPU!$A$1:$N$4628,9)","v":0.47},{"$f":"VLOOKUP(A29,CPU!$A$1:$N$4628,10)","v":0.54},{"$f":"ROUND(F29*H29,2)","v":5400}]
["E",5,"OBRAS COMPLEMENTARES",{"$nulls":5},{"$f":"SUM(I31:I32)","v":322692}]
[17,"5.1","GUIA (MEIO-FIO) E SARJETA CONJUGADOS DE CONCRETO, MOLDADA  IN LOCO  EM TRECHO RETO COM EXTRUSORA, 45 CM BASE (15 CM BASE DA GUIA + SARJETA (30 X 0,05))X 22 CM ALTURA","94267a","M",4700,{"$f":"VLOOKUP(A31,CPU!$A$1:$N$4628,9)","v":47.91},{"$f":"VLOOKUP(A31,CPU!$A$1:$N$4628,10)","v":58.56},{"$f":"ROUND(F31*H31,2)","v":275232}]
[18,"5.2","PINTURA DE EIXO VIÁRIO SOBRE ASFALTO COM TINTA RETRORREFLETIVA A BASE DE RESINA ACRÍLICA COM MICROESFERAS DE VIDRO, APLICAÇÃO MECÂNICA COM DEMARCADORA AUTOPROPELIDA - ESPESSURA DE 0,10 MM",102512,"M",7000,{"$f":"VLOOKUP(A32,CPU!$A$1:$N$4628,9)","v":5.5500000000000007},{"$f":"VLOOKUP(A32,CPU!$A$1:$N$4628,10)","v":6.78},47460]
["F",6,"FORNECIMENTOS - MATERIAL ASFÁLTICO (BDI DIFERENCIADO)",{"$nulls":5},{"$f":"SUM(I34:I36)","v":972834.67}]
[19,"6.1","AQUISIÇÃO DE EMULSÃO ASFÁLTICA PARA IMPRIMAÇÃO (EAI) - EXCLUSIVE TRANSPORTE","CPU.4","T",24.995000000000001,{"$f":"VLOOKUP(A34,CPU!$A$1:$N$4628,9)","v":2769.65},{"$f":"VLOOKUP(A34,CPU!$A$1:$N$4628,10)","v":3185.1},{"$f":"ROUND(F34*H34,2)","v":79611.570000000007}]
[20,"6.2","AQUISIÇÃO DE EMULSAO ASFALTICA CATIONICA RR-1C - EXCLUSIVE TRANSPORTE","CPU.5","T",8.0049986499999992,{"$f":"VLOOKUP(A35,CPU!$A$1:$N$4628,9)","v":2837.6},{"$f":"VLOOKUP(A35,CPU!$A$1:$N$4628,10)","v":3263.24},{"$f":"ROUND(F35*H35,2)","v":26122.23}]
[21,"6.3","AQUISIÇÃO DE CONCRETO BETUMINOSO USINADO A QUENTE (CBUQ) PARA PAVIMENTACAO ASFALTICA, PADRAO DNIT, FAIXA C, COM CAP 50/70 - EXCLUSIVE TRANSPORTE","CPU.6","T",1300.0013029479996,{"$f":"VLOOKUP(A36,CPU!$A$1:$N$4628,9)","v":580},{"$f":"VLOOKUP(A36,CPU!$A$1:$N$4628,10)","v":667},{"$f":"ROUND(F36*H36,2)","v":867100.87}]
[null,"TOTAL GERAL DA OBRA COM BDI ",{"$nulls":6},{"$f":"SUM(I9,I15,I24,I30,I33,I27)","v":2049588.53}]

{"sheet":"CPU","index":1,"n_rows":325,"n_cols":13,"rows_kept":325,"cut":false,"hidden":false,"merged":[[0,0,13,0],[0,1,0,3],[0,4,0,7],[0,10,0,11],[1,2,1,5],[1,10,1,11],[2,2,2,3],[3,1,3,7],[9,1,9,3],[9,5,9,6],[10,1,10,6],[11,1,11,6],[12,1,12,6],[4,11,4,12],[14,0,32,0],[14,1,14,3],[14,4,14,7],[14,10,14,11],[15,2,15,5],[15,8,16,9],[16,2,16,3],[17,1,17,7],[28,1,28,3],[28,5,28,6],[29,1,29,6],[30,1,30,6],[31,1,31,6],[33,0,46,0],[33,1,33,3],[33,4,33,7],[33,10,33,11],[34,2,34,5],[34,8,35,9],[35,2,35,3],[36,1,36,7],[42,1,42,3],[42,5,42,6],[43,1,43,6],[44,1,44,6],[45,1,45,6],[47,0,64,0],[47,1,47,3],[47,4,47,7],[47,10,47,11],[48,2,48,5],[49,2,49,3],[50,1,50,7],[60,1,60,3],[60,5,60,6],[61,1,61,6],[62,1,62,6],[63,1,63,6],[65,0,80,0],[65,1,65,3],[65,4,65,7],[65,10,65,11],[66,2,66,5],[67,2,67,3],[68,1,68,7],[76,1,76,3],[76,5,76,6],[77,1,77,6],[78,1,78,6],[79,1,79,6],[81,0,93,0],[81,1,81,3],[81,4,81,7],[81,10,81,11],[82,2,82,5],[83,2,83,3],[84,1,84,7],[89,1,89,3],[89,5,89,6],[90,1,90,6],[91,1,91,6],[92,1,92,6],[94,0,106,0],[94,1,94,3],[94,4,94,7],[95,2,95,5],[96,2,96,3],[97,1,97,7],[103,1,103,3],[103,5,103,6],[104,1,104,6],[105,1,105,6],[106,1,106,6],[108,0,125,0],[108,1,108,3],[108,4,108,7],[108,10,108,11],[109,2,109,5],[110,2,110,3],[111,1,111,7],[121,1,121,3],[121,5,121,6],[122,1,122,6],[123,1,123,6],[124,1,124,6],[126,0,143,0],[126,1,126,3],[126,4,126,7],[127,2,127,5],[128,2,128,3],[129,1,129,7],[140,1,140,3],[140,5,140,6],[141,1,141,6],[142,1,142,6],[143,1,143,6],[145,0,163,0],[145,1,145,3],[145,4,145,7],[145,10,145,11],[146,2,146,5],[147,2,147,3],[148,1,148,7],[159,1,159,3],[159,5,159,6],[160,1,160,6],[161,1,161,6],[162,1,162,6],[164,0,182,0],[164,1,164,3],[164,4,164,7],[164,10,164,11],[165,2,165,5],[166,2,166,3],[167,1,167,7],[178,1,178,3],[178,5,178,6],[179,1,179,6],[180,1,180,6],[181,1,181,6],[183,0,204,0],[183,1,183,3],[183,4,183,7],[183,10,183,11],[184,2,184,5],[185,2,185,3],[186,1,186,7],[200,1,200,3],[200,5,200,6],[201,1,201,6],[202,1,202,6],[203,1,203,6],[205,0,216,0],[205,1,205,3],[205,4,205,7],[205,10,205,11],[206,2,206,5],[207,2,207,3],[208,1,208,7],[213,1,213,3],[213,5,213,6],[214,1,214,6],[215,1,215,6],[216,1,216,6],[218,0,229,0],[218,1,218,3],[218,4,218,7],[219,2,219,5],[220,2,220,3],[221,1,221,7],[226,1,226,3],[226,5,226,6],[227,1,227,6],[228,1,228,6],[229,1,229,6],[231,0,242,0],[231,1,231,3],[231,4,231,7],[232,2,232,5],[233,2,233,3],[234,1,234,7],[239,1,239,3],[239,5,239,6],[240,1,240,6],[241,1,241,6],[242,1,242,6],[244,0,255,0],[244,1,244,3],[244,4,244,7],[244,10,244,11],[245,2,245,5],[246,2,246,3],[247,1,247,7],[251,1,251,3],[251,5,251,6],[252,1,252,6],[253,1,253,6],[254,1,254,6],[256,0,273,0],[256,1,256,3],[256,4,256,7],[256,10,256,11],[257,2,257,5],[258,2,258,3],[259,1,259,7],[261,12,269,15],[270,1,270,3],[270,5,270,6],[271,1,271,6],[272,1,272,6],[273,1,273,6],[261,9,261,10],[275,0,291,0],[275,1,275,3],[275,4,275,7],[276,2,276,5],[277,2,277,3],[278,1,278,7],[288,1,288,3],[288,5,288,6],[289,1,289,6],[290,1,290,6],[291,1,291,6],[293,0,302,0],[293,1,293,3],[293,4,293,7],[294,2,294,5],[295,2,295,3],[296,1,296,7],[299,1,299,3],[299,5,299,6],[300,1,300,6],[301,1,301,6],[302,1,302,6],[304,0,313,0],[304,1,304,3],[304,4,304,7],[305,2,305,5],[306,2,306,3],[307,1,307,7],[310,1,310,3],[310,5,310,6],[311,1,311,6],[312,1,312,6],[313,1,313,6],[315,0,324,0],[315,1,315,3],[315,4,315,7],[316,2,316,5],[317,2,317,3],[318,1,318,7],[321,1,321,3],[321,5,321,6],[322,1,322,6],[323,1,323,6],[324,1,324,6]]}
[1,"CODEVASF",null,null," COMPOSIÇÃO DE PREÇO UNITÁRIO",null,null,null,{"$f":"H11","v":11856.48},{"$f":"H13","v":14490.99},"BDI CALCULADO:",null,{"$f":"ORÇAMENTO!I6","v":0.22219999999999998}]
[null,"OBRA:  ",{"$f":"ORÇAMENTO!C5","v":" PAVIMENTAÇÃO ASFÁLTICA EM CBUQ – PROLONGAMENTO DO BAIRRO SÃO GERALDO - ITEM 02 -  (MORADA NOVA DE MINAS / MG)"},null,null,null,"DATA: ",{"$f":"ORÇAMENTO!C6","v":" AGOSTO / 2023   "},null,null,"BDI DIFERENCIADO:",null,{"$f":"'BDI FORN'!D31/100","v":0.15}]
[null,"SERVIÇO:  ",{"$f":"VLOOKUP(A1,ORÇAMENTO!A10:I31,3)","v":"MOBILIZAÇÃO E DESMOBILIZAÇÃO"},null,"Referência:",{"$f":"VLOOKUP(A1,ORÇAMENTO!$A$10:$I$31,4)","v":"CPU.1"},"UNIDADE: ",{"$f":"VLOOKUP(A1,ORÇAMENTO!A10:I31,5)","v":"GL"}]
[]
[null,"TIPO ITEM","CODIGO ITEM","DESCRIÇÃO ITEM","UNIDADE ITEM","COEFICIENTE","PRECO UNITARIO","CUSTO TOTAL"]
[null,"COMPOSICAO",89876,"CAMINHÃO BASCULANTE 14 M3, COM CAVALO MECÂNICO DE CAPACIDADE MÁXIMA DE TRAÇÃO COMBINADO DE 36000 KG, POTÊNCIA 286 CV, INCLUSIVE SEMIREBOQUE COM CAÇAMBA METÁLICA","CHP DIURNO.",8,286.2,{"$f":"ROUNDDOWN(F6*G6,2)","v":2289.6}]
[null,"COMPOSICAO",89877,"CAMINHÃO BASCULANTE 14 M3, COM CAVALO MECÂNICO DE CAPACIDADE MÁXIMA DE TRAÇÃO COMBINADO DE 36000 KG, POTÊNCIA 286 CV, INCLUSIVE SEMIREBOQUE COM CAÇAMBA METÁLICA","CHI DIURNO.",8,82.81,{"$f":"ROUNDDOWN(F7*G7,2)","v":662.48}]
[null,"COMPOSICAO",5914640,"TRANSPORTE COM CAVALO MECÂNICO COM SEMIRREBOQUE COM CAPACIDADE DE 30 T - RODOVIA PAVIMENTADA","T.KM",4112,0.56999999999999995,{"$f":"ROUNDDOWN(F8*G8,2)","v":2343.84}]
[null,"COMPOSIÇÃO",88316,"SERVENTE COM ENCARGOS COMPLEMENTARES","H",32,19.760000000000002,{"$f":"ROUNDDOWN(F9*G9,2)","v":632.32000000000005}]
[null,"PRODUÇÃO DA EQUIPE",null,null,0.5,"CUSTO ",null,{"$f":"SUM(H6:H9)","v":5928.24}]
[null,"TOTAL",{"$nulls":5},{"$f":"H10/E10","v":11856.48},"OK"]
[null,"BDI                %",{"$nulls":5},{"$f":"1+$M$1","v":1.2222}]
[null,"TOTAL DO SERVIÇO - R$",{"$nulls":5},{"$f":"ROUND(H11*H12,2)","v":14490.99}]
[]
[2,"CODEVASF",null,null," COMPOSIÇÃO DE PREÇO UNITÁRIO",null,null,null,{"$f":"H30","v":90558.12},{"$f":"H32","v":110680.13}]
[null,"OBRA:  ",{"$f":"$C$2","v":" PAVIMENTAÇÃO ASFÁLTICA EM CBUQ – PROLONGAMENTO DO BAIRRO SÃO GERALDO - ITEM 02 -  (MORADA NOVA DE MINAS / MG)"},null,null,null,"DATA: ",{"$f":"$H$2","v":" AGOSTO / 2023   "}]
[null,"SERVIÇO:  ",{"$f":"VLOOKUP(A15,ORÇAMENTO!$A$10:$I$31,3)","v":"ADMINISTRAÇÃO LOCAL"},null,"SINAPI",{"$f":"VLOOKUP(A15,ORÇAMENTO!$A$10:$I$31,4)","v":"CPU.2"},"UNIDADE: ",{"$f":"VLOOKUP(A15,ORÇAMENTO!$A$10:$I$31,5)","v":"GL"}]
[]
[null,"TIPO ITEM","CODIGO ITEM","DESCRIÇÃO ITEM","UNIDADE ITEM","COEFICIENTE","PRECO UNITARIO","CUSTO TOTAL"]
[null,"INSUMO",14250,"ENERGIA ELÉTRICA","kwh",{"$f":"60","v":60},0.95,{"$f":"ROUNDDOWN(F20*G20,2)","v":57}]
[null,"INSUMO",44480,"TARIFA \"A\" - ÁGUA/ESGOTO ","m³",{"$f":"6","v":6},17.97,107.82]
[null,"COTAÇÃO","MERC.","TELEFONE (PLANO CONTROLE)","UNID",2,59.9,119.8]
[null,"INSUMO","ED-50155 SEINFRA","BANHEIRO QUÍMICO 110 X 120 X 230 CM COM MANUTENÇÃO (CONSIDERANDO OBRAS SIMULTÂNEAS)","MÊS",2,515,1030]
[null,"COMPOSICAO",90777,"Engenheiro Civil Júnior com encargos complementares","H",40,114.12,4564.8]
[null,"COMPOSICAO",90776,"Encarregado Geral com encargos complementares","H",80,57.73,4618.3999999999996]
[null,"COMPOSICAO",88321,"Tecnico de Laboratório com encargos complementares","H",40,45.45,1818]
[null,"COMPOSICAO",100309,"Tecnico em Segurança do Trabalho com encargos complementares","H",40,45.71,{"$f":"ROUNDDOWN(F27*G27,2)","v":1828.4}]
[null,"COMPOSICAO",90772,"Auxiliar de escritório com encargos complementares","H",40,23.72,948.8]
[null,"PRODUÇÃO DA EQUIPE",null,null,{"$f":"1/6","v":0.16666666666666666},"CUSTO ",null,{"$f":"SUM(H20:H28)","v":15093.019999999999}]
[null,"TOTAL",{"$nulls":5},{"$f":"ROUND(H29/E29,2)","v":90558.12},"OK"]
[null,"BDI                %",{"$nulls":5},{"$f":"1+$M$1","v":1.2222}]
[null,"TOTAL DO SERVIÇO - R$",{"$nulls":5},{"$f":"ROUND(H30*H31,2)","v":110680.13}]
[]
[{"$f":"A15+1","v":3},"CODEVASF",null,null," COMPOSIÇÃO DE PREÇO UNITÁRIO",null,null,null,{"$f":"H44","v":14356.5},{"$f":"H46","v":17546.509999999998}]
[null,"OBRA:  ",{"$f":"$C$2","v":" PAVIMENTAÇÃO ASFÁLTICA EM CBUQ – PROLONGAMENTO DO BAIRRO SÃO GERALDO - ITEM 02 -  (MORADA NOVA DE MINAS / MG)"},null,null,null,"DATA: ",{"$f":"$H$2","v":" AGOSTO / 2023   "}]
[null,"SERVIÇO:  ",{"$f":"VLOOKUP(A34,ORÇAMENTO!$A$10:$I$31,3)","v":"CANTEIRO DE OBRAS"},null,"SINAPI",{"$f":"VLOOKUP(A34,ORÇAMENTO!$A$10:$I$31,4)","v":"CPU.3"},"UNIDADE: ",{"$f":"VLOOKUP(A34,ORÇAMENTO!$A$10:$I$31,5)","v":"GL"}]
[]
[null,"TIPO ITEM","CODIGO ITEM","DESCRIÇÃO ITEM","UNIDADE ITEM","COEFICIENTE","PRECO UNITARIO","CUSTO TOTAL"]
[null,"INSUMO",10775,"ALUGUEL DE IMÓVEL OU CONTEINER QUE ATENDA AOS REQUISITOS MÍNIMOS PARA INSTALAÇÃO DO CANTEIRO DE OBRAS","MÊS",6,"995,00",{"$f":"ROUNDDOWN(F39*G39,2)","v":5970}]
[null,"INSUMO",10779,"LOCACAO DE CONTAINER 2,30 X 4,30 M, ALT. 2,50 M, P/ SANITARIO, C/ 5 BACIAS, 1 LAVATORIO E 4 MICTORIOS","MÊS",6,1234.75,{"$f":"ROUNDDOWN(F40*G40,2)","v":7408.5}]
[null,"INSUMO","37525","TELA PLASTICA TECIDA LISTRADA BRANCA E LARANJA, TIPO GUARDA CORPO, EM POLIETILENO MONOFILADO, ROLO 1,20 X 50 M (L X C)","M",200,3.69,{"$f":"ROUNDDOWN(F41*G41,2)","v":738}]
[null,"COMPOSICAO"," - ","PLACA DE SINALIZAÇÃO - \"PERIGO - OBRAS A FRENTE\" - FORNECIMENTO E MOVIMENTAÇÃO","UNID.",12,20,{"$f":"ROUNDDOWN(F42*G42,2)","v":240}]
[null,"PRODUÇÃO DA EQUIPE",null,null,1,"CUSTO ",null,{"$f":"SUM(H39:H42)","v":14356.5}]
[null,"TOTAL",{"$nulls":5},{"$f":"H43/E43","v":14356.5},"OK"]
[null,"BDI                %",{"$nulls":5},{"$f":"1+$M$1","v":1.2222}]
[null,"TOTAL DO SERVIÇO - R$",{"$nulls":5},{"$f":"ROUND(H44*H45,2)","v":17546.509999999998}]
[]
[{"$f":"A34+1","v":4},"CODEVASF",null,null," COMPOSIÇÃO DE PREÇO UNITÁRIO",null,null,null,{"$f":"H62","v":339.72},{"$f":"H64","v":415.21}]
[null,"OBRA:  ",{"$f":"$C$2","v":" PAVIMENTAÇÃO ASFÁLTICA EM CBUQ – PROLONGAMENTO DO BAIRRO SÃO GERALDO - ITEM 02 -  (MORADA NOVA DE MINAS / MG)"},null,null,null,"DATA: ",{"$f":"$H$2","v":" AGOSTO / 2023   "}]
[null,"SERVIÇO:  ",{"$f":"VLOOKUP(A48,ORÇAMENTO!$A$10:$I$31,3)","v":"PLACA DE OBRA EM CHAPA DE AÇO GALVANIZADO"},null,"SINAPI",{"$f":"VLOOKUP(A48,ORÇAMENTO!$A$10:$I$31,4)","v":103689},"UNIDADE: ",{"$f":"VLOOKUP(A48,ORÇAMENTO!$A$10:$I$31,5)","v":"M2"}]
[]
[null,"TIPO ITEM","CODIGO ITEM","DESCRIÇÃO ITEM","UNIDADE ITEM","COEFICIENTE","PRECO UNITARIO","CUSTO TOTAL"]
[null,"INSUMO","4509","SARRAFO *2,5 X 10* CM EM PINUS, MISTA OU EQUIVALENTE DA REGIAO - BRUTA","M","3,2083000","4,41",{"$f":"ROUNDDOWN(F53*G53,2)","v":14.14}]
[null,"INSUMO","4813","PLACA DE OBRA (PARA CONSTRUCAO CIVIL) EM CHAPA GALVANIZADA *N. 22*, ADESIVADA, DE *2,4 X 1,2* M ","M2","1,0000000","250,00",250]
[null,"INSUMO",4115,"MADEIRA ROLICA TRATADA, D = 12 A 15 CM, EM EUCALIPTO OU EQUIVALENTE DA REGIAO","M",2,21.37,42.74]
[null,"INSUMO","5065","PREGO DE ACO POLIDO COM CABECA 10 X 10 (7/8 X 17)","KG","0,0113000","36,57",0.41]
[null,"INSUMO","5069","PREGO DE ACO POLIDO COM CABECA 17 X 27 (2 1/2 X 11)","KG","0,0132000",19.59,0.25]
[null,"COMPOSICAO","88262","CARPINTEIRO DE FORMAS COM ENCARGOS COMPLEMENTARES","H","0,3729000","27,05",10.08]
[null,"COMPOSICAO","88316","SERVENTE COM ENCARGOS COMPLEMENTARES","H","1,1186000","19,76",22.1]
[{"$nulls":7},0]
[null,"PRODUÇÃO DA EQUIPE",null,null,1,"CUSTO ",null,{"$f":"SUM(H53:H60)","v":339.72}]
[null,"TOTAL",{"$nulls":5},{"$f":"H61/E61","v":339.72},"OK"]
[null,"BDI                %",{"$nulls":5},{"$f":"1+$M$1","v":1.2222}]
[null,"TOTAL DO SERVIÇO - R$",{"$nulls":5},{"$f":"ROUND(H62*H63,2)","v":415.21}]
[]
[{"$f":"A48+1","v":5},"CODEVASF",null,null," COMPOSIÇÃO DE PREÇO UNITÁRIO",null,null,null,{"$f":"H78","v":0.32999999999999996},{"$f":"H80","v":0.4}]
[null,"OBRA:  ",{"$f":"$C$2","v":" PAVIMENTAÇÃO ASFÁLTICA EM CBUQ – PROLONGAMENTO DO BAIRRO SÃO GERALDO - ITEM 02 -  (MORADA NOVA DE MINAS / MG)"},null,null,null,"DATA: ",{"$f":"$H$2","v":" AGOSTO / 2023   "}]
[null,"SERVIÇO:  ",{"$f":"VLOOKUP(A66,ORÇAMENTO!$A$10:$I$31,3)","v":"SERVIÇOS TOPOGRÁFICOS PARA PAVIMENTAÇÃO, INCLUSIVE NOTA DE SERVIÇO, ACOMPANHAMENTO E GREIDE"},null,"SINAPI",{"$f":"VLOOKUP(A66,ORÇAMENTO!$A$10:$I$31,4)","v":78472},"UNIDADE: ",{"$f":"VLOOKUP(A66,ORÇAMENTO!$A$10:$I$31,5)","v":"M2"}]
[]
[null,"TIPO ITEM","CODIGO ITEM","DESCRIÇÃO ITEM","UNIDADE ITEM","COEFICIENTE","PRECO UNITARIO","CUSTO TOTAL"]
[null,"COMPOSICAO",88253,"AUXILIAR DE TOPÓGRAFO COM ENCARGOS COMPLEMENTARES","H",2.5000000000000001E-3,21.57,{"$f":"ROUNDDOWN(F71*G71,2)","v":0.05}]
[null,"COMPOSICAO",88288,"NIVELADOR COM ENCARGOS COMPLEMENTARES","H",2.5000000000000001E-3,26.99,0.06]
[null,"COMPOSICAO",88316,"SERVENTE COM ENCARGOS COMPLEMENTARES","H",7.4999999999999997E-3,19.760000000000002,0.14000000000000001]
[null,"COMPOSICAO",88597,"DESENHISTA DETALHISTA COM ENCARGOS COMPLEMENTARES ","H",2E-3,29.72,0.05]
[null,"COMPOSICAO",92145,"CAMINHONETE CABINE SIMPLES COM MOTOR 1.6 FLEX, CÂMBIO MANUAL, POTÊNCIA 101/104 CV, 2 PORTAS","CHP",5.0000000000000001E-4,72.790000000000006,0.03]
[{"$nulls":7},0]
[null,"PRODUÇÃO DA EQUIPE",null,null,1,"CUSTO ",null,{"$f":"SUM(H71:H76)","v":0.32999999999999996}]
[null,"TOTAL",{"$nulls":5},{"$f":"H77/E77","v":0.32999999999999996},"OK"]
[null,"BDI                %",{"$nulls":5},{"$f":"1+$M$1","v":1.2222}]
[null,"TOTAL DO SERVIÇO - R$",{"$nulls":5},{"$f":"ROUND(H78*H79,2)","v":0.4}]
[]
[{"$f":"A66+1","v":6},"CODEVASF",null,null," COMPOSIÇÃO DE PREÇO UNITÁRIO",null,null,null,{"$f":"H91","v":2.0300000000000002},{"$f":"H93","v":2.48}]
[null,"OBRA:  ",{"$f":"$C$2","v":" PAVIMENTAÇÃO ASFÁLTICA EM CBUQ – PROLONGAMENTO DO BAIRRO SÃO GERALDO - ITEM 02 -  (MORADA NOVA DE MINAS / MG)"},null,null,null,"DATA: ",{"$f":"$H$2","v":" AGOSTO / 2023   "}]
[null,"SERVIÇO:  ",{"$f":"VLOOKUP(A82,ORÇAMENTO!$A$10:$I$31,3)","v":"ESCAVAÇÃO HORIZONTAL EM SOLO DE 1A CATEGORIA "},null,"SINAPI",{"$f":"VLOOKUP(A82,ORÇAMENTO!$A$10:$I$31,4)","v":101116},"UNIDADE: ",{"$f":"VLOOKUP(A82,ORÇAMENTO!$A$10:$I$31,5)","v":"M3"}]
[]
[null,"TIPO ITEM","CODIGO ITEM","DESCRIÇÃO ITEM","UNIDADE ITEM","COEFICIENTE","PRECO UNITARIO","CUSTO TOTAL"]
[null,"COMPOSICAO","5847","TRATOR DE ESTEIRAS, POTÊNCIA 170 HP, PESO OPERACIONAL 19 T, CAÇAMBA 5,2 M3","CHP","0,0048000",231.82,{"$f":"ROUNDDOWN(F87*G87,2)","v":1.1100000000000001}]
[null,"COMPOSICAO","5849","TRATOR DE ESTEIRAS, POTÊNCIA 170 HP, PESO OPERACIONAL 19 T, CAÇAMBA 5,2 M3","CHI","0,0082000",82.14,{"$f":"ROUNDDOWN(F88*G88,2)","v":0.67}]
[null,"COMPOSICAO","88316","SERVENTE COM ENCARGOS COMPLEMENTARES","H","0,0131000","19,76",{"$f":"ROUNDDOWN(F89*G89,2)","v":0.25}]
[null,"PRODUÇÃO DA EQUIPE",null,null,1,"CUSTO ",null,{"$f":"SUM(H87:H89)","v":2.0300000000000002}]
[null,"TOTAL",{"$nulls":5},{"$f":"H90/E90","v":2.0300000000000002},"OK"]
[null,"BDI                %",{"$nulls":5},{"$f":"1+$M$1","v":1.2222}]
[null,"TOTAL DO SERVIÇO - R$",{"$nulls":5},{"$f":"ROUND(H91*H92,2)","v":2.48}]
[]
[7,"CODEVASF",null,null," COMPOSIÇÃO DE PREÇO UNITÁRIO",null,null,null,{"$f":"H105","v":7.99},{"$f":"H107","v":9.77}]
[null,"OBRA:  ",{"$f":"$C$2","v":" PAVIMENTAÇÃO ASFÁLTICA EM CBUQ – PROLONGAMENTO DO BAIRRO SÃO GERALDO - ITEM 02 -  (MORADA NOVA DE MINAS / MG)"},null,null,null,"DATA: ",{"$f":"$H$2","v":" AGOSTO / 2023   "}]
[null,"SERVIÇO:  ",{"$f":"VLOOKUP(A95,ORÇAMENTO!$A$10:$I$31,3)","v":"CARGA, MANOBRA E DESCARGA DE SOLOS E MATERIAIS GRANULARES EM CAMINHÃO BASCULANTE"},null,"SINAPI",{"$f":"VLOOKUP(A95,ORÇAMENTO!$A$10:$I$31,4)","v":100976},"UNIDADE: ",{"$f":"VLOOKUP(A95,ORÇAMENTO!$A$10:$I$31,5)","v":"M3"}]
[]
[null,"TIPO ITEM","CODIGO ITEM","DESCRIÇÃO ITEM","UNIDADE ITEM","COEFICIENTE","PRECO UNITARIO","CUSTO TOTAL"]
[null,"COMPOSICAO","5940","PÁ CARREGADEIRA SOBRE RODAS, POTÊNCIA LÍQUIDA 128 HP, CAPACIDADE DA CAÇAMBA 1,7 A 2,8 M3, PESO OPERACIONAL 11632 KG","CHP","0,0083000","205,93",{"$f":"ROUNDDOWN(F100*G100,2)","v":1.7}]
[null,"COMPOSICAO","5942","PÁ CARREGADEIRA SOBRE RODAS, POTÊNCIA LÍQUIDA 128 HP, CAPACIDADE DA CAÇAMBA 1,7 A 2,8 M3, PESO OPERACIONAL 11632 KG","CHI","0,0074000","90,02",{"$f":"ROUNDDOWN(F101*G101,2)","v":0.66}]
[null,"COMPOSICAO","89883","CAMINHÃO BASCULANTE 18 M3, COM CAVALO MECÂNICO DE CAPACIDADE MÁXIMA DE TRAÇÃO COMBINADO DE 45000 KG, POTÊNCIA 330 CV, INCLUSIVE SEMIREBOQUE COM CAÇAMBA METÁLICA","CHP","0,0153000","314,64",{"$f":"ROUNDDOWN(F102*G102,2)","v":4.8099999999999996}]
[null,"COMPOSICAO","89884","CAMINHÃO BASCULANTE 18 M3, COM CAVALO MECÂNICO DE CAPACIDADE MÁXIMA DE TRAÇÃO COMBINADO DE 45000 KG, POTÊNCIA 330 CV, INCLUSIVE SEMIREBOQUE COM CAÇAMBA METÁLICA","CHI","0,0095000","86,36",{"$f":"ROUNDDOWN(F103*G103,2)","v":0.82}]
[null,"PRODUÇÃO DA EQUIPE",null,null,1,"CUSTO ",null,{"$f":"SUM(H100:H103)","v":7.99}]
[null,"TOTAL",{"$nulls":5},{"$f":"H104/E104","v":7.99},"OK"]
[null,"BDI                %",{"$nulls":5},{"$f":"1+$M$1","v":1.2222}]
[null,"TOTAL DO SERVIÇO - R$",{"$nulls":5},{"$f":"ROUND(H105*H106,2)","v":9.77}]
[]
[8,"CODEVASF",null,null," COMPOSIÇÃO DE PREÇO UNITÁRIO",null,null,null,{"$f":"H123","v":1.1299999999999999},{"$f":"H125","v":1.38}]
[null,"OBRA:  ",{"$f":"$C$2","v":" PAVIMENTAÇÃO ASFÁLTICA EM CBUQ – PROLONGAMENTO DO BAIRRO SÃO GERALDO - ITEM 02 -  (MORADA NOVA DE MINAS / MG)"},null,null,null,"DATA: ",{"$f":"$H$2","v":" AGOSTO / 2023   "}]
[null,"SERVIÇO:  ",{"$f":"VLOOKUP(A109,ORÇAMENTO!$A$10:$I$31,3)","v":"REGULARIZAÇÃO E COMPACTAÇÃO DO SUBLEITO "},null,"SICRO",{"$f":"VLOOKUP(A109,ORÇAMENTO!$A$10:$I$31,4)","v":100577},"UNIDADE: ","M2"]
[]
[null,"TIPO ITEM","CODIGO ITEM","DESCRIÇÃO ITEM","UNIDADE ITEM","COEFICIENTE","PRECO UNITARIO","CUSTO TOTAL"]
[null,"COMPOSICAO","5901","CAMINHÃO PIPA 10.000 L TRUCADO, PESO BRUTO TOTAL 23.000 KG, CARGA ÚTIL MÁXIMA 15.935 KG, DISTÂNCIA ENTRE EIXOS 4,8 M, POTÊNCIA 230 CV, INCLUSIVE TANQUE DE AÇO PARA TRANSPORTE DE ÁGUA","CHP","0,0010000","264,71",{"$f":"ROUNDDOWN(F114*G114,2)","v":0.26}]
[null,"COMPOSICAO","5903","CAMINHÃO PIPA 10.000 L TRUCADO, PESO BRUTO TOTAL 23.000 KG, CARGA ÚTIL MÁXIMA 15.935 KG, DISTÂNCIA ENTRE EIXOS 4,8 M, POTÊNCIA 230 CV, INCLUSIVE TANQUE DE AÇO PARA TRANSPORTE DE ÁGUA","CHI","0,0020000","67,26",0.13]
[null,"COMPOSICAO","5932","MOTONIVELADORA POTÊNCIA BÁSICA LÍQUIDA (PRIMEIRA MARCHA) 125 HP, PESO BRUTO 13032 KG, LARGURA DA LÂMINA DE 3,7 M","CHP","0,0001000","244,89",0.02]
[null,"COMPOSICAO","5934","MOTONIVELADORA POTÊNCIA BÁSICA LÍQUIDA (PRIMEIRA MARCHA) 125 HP, PESO BRUTO 13032 KG, LARGURA DA LÂMINA DE 3,7 M","CHI","0,0030000","101,62",0.3]
[null,"COMPOSICAO","88316","SERVENTE COM ENCARGOS COMPLEMENTARES","H","0,0030000","19,76",0.05]
[null,"COMPOSICAO","96463","ROLO COMPACTADOR DE PNEUS, ESTATICO, PRESSAO VARIAVEL, POTENCIA 110 HP, PESO SEM/COM LASTRO 10,8/27 T, LARGURA DE ROLAGEM 2,30 M","CHP","0,0010000","203,13",0.2]
[null,"COMPOSICAO","96464","ROLO COMPACTADOR DE PNEUS, ESTATICO, PRESSAO VARIAVEL, POTENCIA 110 HP, PESO SEM/COM LASTRO 10,8/27 T, LARGURA DE ROLAGEM 2,30 M","CHI","0,0020000","89,07",0.17]
[]
[null,"PRODUÇÃO DA EQUIPE",null,null,1,"CUSTO ",null,{"$f":"SUM(H114:H121)","v":1.1299999999999999}]
[null,"TOTAL",{"$nulls":5},{"$f":"H122/E122","v":1.1299999999999999},"OK"]
[null,"BDI                %",{"$nulls":5},{"$f":"1+$M$1","v":1.2222}]
[null,"TOTAL DO SERVIÇO - R$",{"$nulls":5},{"$f":"ROUND(H123*H124,2)","v":1.38}]
[]
[9,"CODEVASF",null,null," COMPOSIÇÃO DE PREÇO UNITÁRIO",null,null,null,{"$f":"H142","v":12.99},{"$f":"H144","v":15.88}]
[null,"OBRA:  ",{"$f":"$C$2","v":" PAVIMENTAÇÃO ASFÁLTICA EM CBUQ – PROLONGAMENTO DO BAIRRO SÃO GERALDO - ITEM 02 -  (MORADA NOVA DE MINAS / MG)"},null,null,null,"DATA: ",{"$f":"$H$2","v":" AGOSTO / 2023   "}]
[null,"SERVIÇO:  ",{"$f":"VLOOKUP(A127,ORÇAMENTO!$A$10:$I$31,3)","v":"EXECUÇÃO E COMPACTAÇÃO DE BASE E OU SUB BASE PARA PAVIMENTAÇÃO EM CASCALHO - EXCLUSIVE SOLO, ESCAVAÇÃO, CARGA E TRANSPORTE."},null,"SINAPI",{"$f":"VLOOKUP(A127,ORÇAMENTO!$A$10:$I$31,4)","v":96388},"UNIDADE: ",{"$f":"VLOOKUP(A127,ORÇAMENTO!$A$10:$I$31,5)","v":"M3"}]
[]
[null,"TIPO ITEM","CODIGO ITEM","DESCRIÇÃO ITEM","UNIDADE ITEM","COEFICIENTE","PRECO UNITARIO","CUSTO TOTAL"]
[null,"COMPOSICAO","5684","ROLO COMPACTADOR VIBRATÓRIO DE UM CILINDRO AÇO LISO, POTÊNCIA 80 HP, PESO OPERACIONAL MÁXIMO 8,1 T, IMPACTO DINÂMICO 16,15 / 9,5 T, LARGURA DE TRABALHO 1,68 M","CHP","0,0090000","148,46",{"$f":"ROUNDDOWN(F132*G132,2)","v":1.33}]
[null,"COMPOSICAO","5685","ROLO COMPACTADOR VIBRATÓRIO DE UM CILINDRO AÇO LISO, POTÊNCIA 80 HP, PESO OPERACIONAL MÁXIMO 8,1 T, IMPACTO DINÂMICO 16,15 / 9,5 T, LARGURA DE TRABALHO 1,68 M","CHI","0,0210000","65,46",1.37]
[null,"COMPOSICAO","5901","CAMINHÃO PIPA 10.000 L TRUCADO, PESO BRUTO TOTAL 23.000 KG, CARGA ÚTIL MÁXIMA 15.935 KG, DISTÂNCIA ENTRE EIXOS 4,8 M, POTÊNCIA 230 CV, INCLUSIVE TANQUE DE AÇO PARA TRANSPORTE DE ÁGUA","CHP","0,0020000","264,71",{"$f":"ROUNDDOWN(F134*G134,2)","v":0.52}]
[null,"COMPOSICAO","5903","CAMINHÃO PIPA 10.000 L TRUCADO, PESO BRUTO TOTAL 23.000 KG, CARGA ÚTIL MÁXIMA 15.935 KG, DISTÂNCIA ENTRE EIXOS 4,8 M, POTÊNCIA 230 CV, INCLUSIVE TANQUE DE AÇO PARA TRANSPORTE DE ÁGUA","CHI","0,0280000","67,26",1.88]
[null,"COMPOSICAO","5932","MOTONIVELADORA POTÊNCIA BÁSICA LÍQUIDA (PRIMEIRA MARCHA) 125 HP, PESO BRUTO 13032 KG, LARGURA DA LÂMINA DE 3,7 M","CHP","0,0080000","244,89",1.95]
[null,"COMPOSICAO","5934","MOTONIVELADORA POTÊNCIA BÁSICA LÍQUIDA (PRIMEIRA MARCHA) 125 HP, PESO BRUTO 13032 KG, LARGURA DA LÂMINA DE 3,7 M","CHI","0,0220000","101,62",2.23]
[null,"COMPOSICAO","88316","SERVENTE COM ENCARGOS COMPLEMENTARES","H","0,0300000","19,76",0.59]
[null,"COMPOSICAO","96463","ROLO COMPACTADOR DE PNEUS, ESTATICO, PRESSAO VARIAVEL, POTENCIA 110 HP, PESO SEM/COM LASTRO 10,8/27 T, LARGURA DE ROLAGEM 2,30 M","CHP","0,0040000","203,13",0.81]
[null,"COMPOSICAO","96464","ROLO COMPACTADOR DE PNEUS, ESTATICO, PRESSAO VARIAVEL, POTENCIA 110 HP, PESO SEM/COM LASTRO 10,8/27 T, LARGURA DE ROLAGEM 2,30 M","CHI","0,0260000","89,07",2.31]
[null,"PRODUÇÃO DA EQUIPE",null,null,1,"CUSTO ",null,{"$f":"SUM(H132:H140)","v":12.99}]
[null,"TOTAL",{"$nulls":5},{"$f":"H141/E141","v":12.99},"OK"]
[null,"BDI                %",{"$nulls":5},{"$f":"1+$M$1","v":1.2222}]
[null,"TOTAL DO SERVIÇO - R$",{"$nulls":5},{"$f":"ROUND(H142*H143,2)","v":15.88}]
[]
[10,"CODEVASF",null,null," COMPOSIÇÃO DE PREÇO UNITÁRIO",null,null,null,{"$f":"H161","v":1.1200000000000001},{"$f":"H163","v":1.37}]
[null,"OBRA:  ",{"$f":"$C$2","v":" PAVIMENTAÇÃO ASFÁLTICA EM CBUQ – PROLONGAMENTO DO BAIRRO SÃO GERALDO - ITEM 02 -  (MORADA NOVA DE MINAS / MG)"},null,null,null,"DATA: ",{"$f":"$H$2","v":" AGOSTO / 2023   "}]
[null,"SERVIÇO:  ",{"$f":"VLOOKUP(A146,ORÇAMENTO!$A$10:$I$31,3)","v":"IMPRIMAÇÃO COM EMULSÃO ASFÁLTICA (EAI)"},null,"SINAPI",{"$f":"VLOOKUP(A146,ORÇAMENTO!$A$10:$I$31,4)","v":96401},"UNIDADE: ",{"$f":"VLOOKUP(A146,ORÇAMENTO!$A$10:$I$31,5)","v":"M2"}]
[]
[null,"TIPO ITEM","CODIGO ITEM","DESCRIÇÃO ITEM","UNIDADE ITEM","COEFICIENTE","PRECO UNITARIO","CUSTO TOTAL"]
[null,"COMPOSICAO",5839,"VASSOURA MECÂNICA REBOCÁVEL COM ESCOVA CILÍNDRICA, LARGURA ÚTIL DE VARRIMENTO DE 2,44 M ","CHP","0,0020000",9.77,{"$f":"ROUNDDOWN(F151*G151,2)","v":0.01}]
[null,"COMPOSICAO",5841,"VASSOURA MECÂNICA REBOCÁVEL COM ESCOVA CILÍNDRICA, LARGURA ÚTIL DE VARRIMENTO DE 2,44 M ","CHI","0,0040000",4.6500000000000004,0.01]
[null,"INSUMO","ANP","EMULSÃO ASFÁLTICA PARA IMPRIMAÇÃO - EAI (FORNECIMENTO COM BDI DIFERENCIADO)","T",{"$f":"1.3/1000","v":1.2999999999999999E-3},null,0]
[null,"COMPOSICAO",83362,"ESPARGIDOR DE ASFALTO PRESSURIZADO, TANQUE 6 M3 COM ISOLAÇÃO TÉRMICA, AQUECIDO COM 2 MAÇARICOS, COM BARRA ESPARGIDORA 3,60 M, MONTADO SOBRE CAMINHÃO  TOCO, PBT 14.300 KG, POTÊNCIA 185 CV","CHP","0,0010000",232.92,0.23]
[null,"COMPOSICAO",88316,"SERVENTE COM ENCARGOS COMPLEMENTARES","H","0,0060000",19.760000000000002,0.11]
[null,"COMPOSICAO",89035,"TRATOR DE PNEUS, POTÊNCIA 85 CV, TRAÇÃO 4X4, PESO COM LASTRO DE 4.675 KG ","CHP","0,0020000",119.96,0.23]
[null,"COMPOSICAO",89036,"TRATOR DE PNEUS, POTÊNCIA 85 CV, TRAÇÃO 4X4, PESO COM LASTRO DE 4.675 KG ","CHI","0,0040000",52.19,0.2]
[null,"COMPOSICAO",91486,"ESPARGIDOR DE ASFALTO PRESSURIZADO, TANQUE 6 M3 COM ISOLAÇÃO TÉRMICA, AQUECIDO COM 2 MAÇARICOS, COM BARRA ESPARGIDORA 3,60 M, MONTADO SOBRE CAMINHÃO  TOCO, PBT 14.300 KG, POTÊNCIA 185 CV","CHI","0,0050000",66.180000000000007,0.33]
[{"$nulls":7},0]
[null,"PRODUÇÃO DA EQUIPE",null,null,1,"CUSTO ",null,{"$f":"SUM(H151:H159)","v":1.1200000000000001}]
[null,"TOTAL",{"$nulls":5},{"$f":"H160/E160","v":1.1200000000000001},"OK"]
[null,"BDI                %",{"$nulls":5},{"$f":"1+$M$1","v":1.2222}]
[null,"TOTAL DO SERVIÇO - R$",{"$nulls":5},{"$f":"ROUND(H161*H162,2)","v":1.37}]
[]
[11,"CODEVASF",null,null," COMPOSIÇÃO DE PREÇO UNITÁRIO",null,null,null,{"$f":"H180","v":0.93000000000000016},{"$f":"H182","v":1.1399999999999999}]
[null,"OBRA:  ",{"$f":"$C$2","v":" PAVIMENTAÇÃO ASFÁLTICA EM CBUQ – PROLONGAMENTO DO BAIRRO SÃO GERALDO - ITEM 02 -  (MORADA NOVA DE MINAS / MG)"},null,null,null,"DATA: ",{"$f":"$H$2","v":" AGOSTO / 2023   "}]
[null,"SERVIÇO:  ",{"$f":"VLOOKUP(A165,ORÇAMENTO!$A$10:$I$31,3)","v":"PINTURA DE LIGAÇÃO COM EMULSÃO ASFÁLTICA RR-1C"},null,"SINAPI",{"$f":"VLOOKUP(A165,ORÇAMENTO!$A$10:$I$31,4)","v":96402},"UNIDADE: ","M2"]
[]
[null,"TIPO ITEM","CODIGO ITEM","DESCRIÇÃO ITEM","UNIDADE ITEM","COEFICIENTE","PRECO UNITARIO","CUSTO TOTAL"]
[null,"COMPOSICAO",5839,"VASSOURA MECÂNICA REBOCÁVEL COM ESCOVA CILÍNDRICA, LARGURA ÚTIL DE VARRIMENTO DE 2,44 M","CHP","0,0020000",9.77,{"$f":"ROUNDDOWN(F170*G170,2)","v":0.01}]
[null,"COMPOSICAO",5841,"VASSOURA MECÂNICA REBOCÁVEL COM ESCOVA CILÍNDRICA, LARGURA ÚTIL DE VARRIMENTO DE 2,44 M","CHI","0,0040000",4.6500000000000004,0.01]
[null,"INSUMO",41903,"EMULSAO ASFALTICA CATIONICA RR-1C PARA USO EM PAVIMENTACAO ASFALTICA (FORNECIMENTO COM BDI DIFERENCIADO)","KG","0,4500000",null,0]
[null,"COMPOSICAO",83362,"ESPARGIDOR DE ASFALTO PRESSURIZADO, TANQUE 6 M3 COM ISOLAÇÃO TÉRMICA, AQUECIDO COM 2 MAÇARICOS, COM BARRA ESPARGIDORA 3,60 M, MONTADO SOBRE CAMINHÃO  TOCO, PBT 14.300 KG, POTÊNCIA 185 CV","CHP","0,0004000",232.92,0.09]
[null,"COMPOSICAO",88316,"SERVENTE COM ENCARGOS COMPLEMENTARES","H","0,0055000",19.760000000000002,0.1]
[null,"COMPOSICAO",89035,"TRATOR DE PNEUS, POTÊNCIA 85 CV, TRAÇÃO 4X4, PESO COM LASTRO DE 4.675 KG","CHP","0,0017000",119.96,0.2]
[null,"COMPOSICAO",89036,"TRATOR DE PNEUS, POTÊNCIA 85 CV, TRAÇÃO 4X4, PESO COM LASTRO DE 4.675 KG","CHI","0,0038000",52.19,0.19]
[null,"COMPOSICAO",91486,"ESPARGIDOR DE ASFALTO PRESSURIZADO, TANQUE 6 M3 COM ISOLAÇÃO TÉRMICA, AQUECIDO COM 2 MAÇARICOS, COM BARRA ESPARGIDORA 3,60 M, MONTADO SOBRE CAMINHÃO  TOCO, PBT 14.300 KG, POTÊNCIA 185 CV","CHI","0,0051000",66.180000000000007,0.33]
[{"$nulls":7},0]
[null,"PRODUÇÃO DA EQUIPE",null,null,1,"CUSTO ",null,{"$f":"SUM(H170:H178)","v":0.93000000000000016}]
[null,"TOTAL",{"$nulls":5},{"$f":"H179/E179","v":0.93000000000000016},"OK"]
[null,"BDI                %",{"$nulls":5},{"$f":"1+$M$1","v":1.2222}]
[null,"TOTAL DO SERVIÇO - R$",{"$nulls":5},{"$f":"ROUND(H180*H181,2)","v":1.1399999999999999}]
[]
[12,"CODEVASF",null,null," COMPOSIÇÃO DE PREÇO UNITÁRIO",null,null,null,{"$f":"H202","v":121.32},{"$f":"H204","v":148.28}]
[null,"OBRA:  ",{"$f":"$C$2","v":" PAVIMENTAÇÃO ASFÁLTICA EM CBUQ – PROLONGAMENTO DO BAIRRO SÃO GERALDO - ITEM 02 -  (MORADA NOVA DE MINAS / MG)"},null,null,null,"DATA: ",{"$f":"$H$2","v":" AGOSTO / 2023   "}]
[null,"SERVIÇO:  ",{"$f":"VLOOKUP(A184,ORÇAMENTO!$A$10:$I$31,3)","v":"EXECUÇÃO DE PAVIMENTO COM APLICAÇÃO DE CONCRETO ASFÁLTICO USINADO A QUENTE (CBUQ), CAMADA DE ROLAMENTO - EXCLUSIVE TRANSPORTE"},null,"SINAPI",{"$f":"VLOOKUP(A184,ORÇAMENTO!$A$10:$I$31,4)","v":95995},"UNIDADE: ",{"$f":"VLOOKUP(A184,ORÇAMENTO!$A$10:$I$31,5)","v":"M3"}]
[]
[null,"TIPO ITEM","CODIGO ITEM","DESCRIÇÃO ITEM","UNIDADE ITEM","COEFICIENTE","PRECO UNITARIO","CUSTO TOTAL"]
[null,"INSUMO","1518","CONCRETO BETUMINOSO USINADO A QUENTE (CBUQ) PARA PAVIMENTACAO ASFALTICA, PADRAO DNIT, FAIXA C, COM CAP 50/70 - AQUISICAO POSTO USINA","T","2,5548000",null,{"$f":"ROUNDDOWN(F189*G189,2)","v":0}]
[null,"COMPOSICAO","5835","VIBROACABADORA DE ASFALTO SOBRE ESTEIRAS, LARGURA DE PAVIMENTAÇÃO 1,90 M A 5,30 M, POTÊNCIA 105 HP CAPACIDADE 450 T/H","CHP","0,0464000","366,49",17]
[null,"COMPOSICAO","5837","VIBROACABADORA DE ASFALTO SOBRE ESTEIRAS, LARGURA DE PAVIMENTAÇÃO 1,90 M A 5,30 M, POTÊNCIA 105 HP CAPACIDADE 450 T/H","CHI","0,0949000","147,82",14.02]
[null,"COMPOSICAO","88314","RASTELEIRO COM ENCARGOS COMPLEMENTARES","H","1,1301000","26,52",29.97]
[null,"COMPOSICAO","91386","CAMINHÃO BASCULANTE 10 M3, TRUCADO CABINE SIMPLES, PESO BRUTO TOTAL 23.000 KG, CARGA ÚTIL MÁXIMA 15.935 KG, DISTÂNCIA ENTRE EIXOS 4,80 M, POTÊNCIA 230 CV INCLUSIVE CAÇAMBA METÁLICA ","CHP","0,0464000","228,50",10.6]
[null,"COMPOSICAO","95631","ROLO COMPACTADOR VIBRATORIO TANDEM, ACO LISO, POTENCIA 125 HP, PESO SEM/COM LASTRO 10,20/11,65 T, LARGURA DE TRABALHO 1,73 M","CHP","0,0805000","210,29",16.920000000000002]
[null,"COMPOSICAO","95632","ROLO COMPACTADOR VIBRATORIO TANDEM, ACO LISO, POTENCIA 125 HP, PESO SEM/COM LASTRO 10,20/11,65 T, LARGURA DE TRABALHO 1,73 M","CHI","0,0607000","83,23",5.05]
[null,"COMPOSICAO","96155","TRATOR DE PNEUS COM POTÊNCIA DE 85 CV, TRAÇÃO 4X4, COM VASSOURA MECÂNICA ACOPLADA","CHI","0,1071000","56,63",6.06]
[null,"COMPOSICAO","96157","TRATOR DE PNEUS COM POTÊNCIA DE 85 CV, TRAÇÃO 4X4, COM VASSOURA MECÂNICA ACOPLADA","CHP","0,0341000","128,67",4.38]
[null,"COMPOSICAO","96463","ROLO COMPACTADOR DE PNEUS, ESTATICO, PRESSAO VARIAVEL, POTENCIA 110 HP, PESO SEM/COM LASTRO 10,8/27 T, LARGURA DE ROLAGEM 2,30 M","CHP","0,0419000","203,13",8.51]
[null,"COMPOSICAO","96464","ROLO COMPACTADOR DE PNEUS, ESTATICO, PRESSAO VARIAVEL, POTENCIA 110 HP, PESO SEM/COM LASTRO 10,8/27 T, LARGURA DE ROLAGEM 2,30 M","CHI","0,0990000","89,07",8.81]
[{"$nulls":7},0]
[null,"PRODUÇÃO DA EQUIPE",null,null,1,"CUSTO ",null,{"$f":"SUM(H189:H200)","v":121.32}]
[null,"TOTAL",{"$nulls":5},{"$f":"H201/E201","v":121.32},"OK"]
[null,"BDI                %",{"$nulls":5},{"$f":"1+$M$1","v":1.2222}]
[null,"TOTAL DO SERVIÇO - R$",{"$nulls":5},{"$f":"ROUND(H202*H203,2)","v":148.28}]
[]
[13,"CODEVASF",null,null," COMPOSIÇÃO DE PREÇO UNITÁRIO",null,null,null,{"$f":"H215","v":1.6099999999999999},{"$f":"H217","v":1.97}]
[null,"OBRA:  ",{"$f":"$C$2","v":" PAVIMENTAÇÃO ASFÁLTICA EM CBUQ – PROLONGAMENTO DO BAIRRO SÃO GERALDO - ITEM 02 -  (MORADA NOVA DE MINAS / MG)"},null,null,null,"DATA: ",{"$f":"$H$2","v":" AGOSTO / 2023   "}]
[null,"SERVIÇO:  ",{"$f":"VLOOKUP(A206,ORÇAMENTO!$A$10:$I$31,3)","v":"TRANSPORTE COM CAMINHÃO BASCULANTE, EM VIA URBANA PAVIMENTADA"},null,"SINAPI",{"$f":"VLOOKUP(A206,ORÇAMENTO!$A$10:$I$31,4)","v":95877},"UNIDADE: ",{"$f":"VLOOKUP(A206,ORÇAMENTO!$A$10:$I$31,5)","v":"M3XKM"}]
[]
[null,"TIPO ITEM","CODIGO ITEM","DESCRIÇÃO ITEM","UNIDADE ITEM","COEFICIENTE","PRECO UNITARIO","CUSTO TOTAL"]
[null,"COMPOSICAO","89883","CAMINHÃO BASCULANTE 18 M3, COM CAVALO MECÂNICO DE CAPACIDADE MÁXIMA DE TRAÇÃO COMBINADO DE 45000 KG, POTÊNCIA 330 CV, INCLUSIVE SEMIREBOQUE COM CAÇAMBA METÁLICA","CHP","0,0046000",314.64,{"$f":"ROUNDDOWN(F211*G211,2)","v":1.44}]
[null,"COMPOSICAO","89884","CAMINHÃO BASCULANTE 18 M3, COM CAVALO MECÂNICO DE CAPACIDADE MÁXIMA DE TRAÇÃO COMBINADO DE 45000 KG, POTÊNCIA 330 CV, INCLUSIVE SEMIREBOQUE COM CAÇAMBA METÁLICA","CHI","0,0020000","86,36",{"$f":"ROUNDDOWN(F212*G212,2)","v":0.17}]
[{"$nulls":7},{"$f":"ROUNDDOWN(F213*G213,2)","v":0}]
[null,"PRODUÇÃO DA EQUIPE",null,null,1,"CUSTO ",null,{"$f":"SUM(H211:H213)","v":1.6099999999999999}]
[null,"TOTAL",{"$nulls":5},{"$f":"H214/E214","v":1.6099999999999999},"OK"]
[null,"BDI                %",{"$nulls":5},{"$f":"1+$M$1","v":1.2222}]
[null,"TOTAL DO SERVIÇO - R$",{"$nulls":5},{"$f":"ROUND(H215*H216,2)","v":1.97}]
[]
[14,"CODEVASF",null,null," COMPOSIÇÃO DE PREÇO UNITÁRIO",null,null,null,{"$f":"H228","v":1.92},{"$f":"H230","v":2.35}]
[null,"OBRA:  ",{"$f":"$C$2","v":" PAVIMENTAÇÃO ASFÁLTICA EM CBUQ – PROLONGAMENTO DO BAIRRO SÃO GERALDO - ITEM 02 -  (MORADA NOVA DE MINAS / MG)"},null,null,null,"DATA: ",{"$f":"$H$2","v":" AGOSTO / 2023   "}]
[null,"SERVIÇO:  ",{"$f":"VLOOKUP(A219,ORÇAMENTO!$A$10:$I$31,3)","v":"TRANSPORTE COM CAMINHÃO CARROCERIA 9T, EM VIA URBANA PAVIMENTADA"},null,"SINAPI",{"$f":"VLOOKUP(A219,ORÇAMENTO!$A$10:$I$31,4)","v":100947},"UNIDADE: ",{"$f":"VLOOKUP(A219,ORÇAMENTO!$A$10:$I$31,5)","v":"TXKM"}]
[]
[null,"TIPO ITEM","CODIGO ITEM","DESCRIÇÃO ITEM","UNIDADE ITEM","COEFICIENTE","PRECO UNITARIO","CUSTO TOTAL"]
[null,"COMPOSICAO","5824","CAMINHÃO TOCO, PBT 16.000 KG, CARGA ÚTIL MÁX. 10.685 KG, DIST. ENTRE EIXOS 4,8 M, POTÊNCIA 189 CV, INCLUSIVE CARROCERIA FIXA ABERTA DE MADEIRA P/ TRANSPORTE GERAL DE CARGA SECA, DIMEN. APROX. 2,5 X 7,00 X 0,50 M ","CHP","0,0093000",183.71,{"$f":"ROUNDDOWN(F224*G224,2)","v":1.7}]
[null,"COMPOSICAO","5826","CAMINHÃO TOCO, PBT 16.000 KG, CARGA ÚTIL MÁX. 10.685 KG, DIST. ENTRE EIXOS 4,8 M, POTÊNCIA 189 CV, INCLUSIVE CARROCERIA FIXA ABERTA DE MADEIRA P/ TRANSPORTE GERAL DE CARGA SECA, DIMEN. APROX. 2,5 X 7,00 X 0,50 M ","CHI","0,0040000",57,{"$f":"ROUNDDOWN(F225*G225,2)","v":0.22}]
[{"$nulls":7},{"$f":"ROUNDDOWN(F226*G226,2)","v":0}]
[null,"PRODUÇÃO DA EQUIPE",null,null,1,"CUSTO ",null,{"$f":"SUM(H224:H226)","v":1.92}]
[null,"TOTAL",{"$nulls":5},{"$f":"H227/E227","v":1.92},"OK"]
[null,"BDI                %",{"$nulls":5},{"$f":"1+$M$1","v":1.2222}]
[null,"TOTAL DO SERVIÇO - R$",{"$nulls":5},{"$f":"ROUND(H228*H229,2)","v":2.35}]
[]
[15,"CODEVASF",null,null," COMPOSIÇÃO DE PREÇO UNITÁRIO",null,null,null,{"$f":"H241","v":0.64999999999999991},{"$f":"H243","v":0.75}]
[null,"OBRA:  ",{"$f":"$C$2","v":" PAVIMENTAÇÃO ASFÁLTICA EM CBUQ – PROLONGAMENTO DO BAIRRO SÃO GERALDO - ITEM 02 -  (MORADA NOVA DE MINAS / MG)"},null,null,null,"DATA: ",{"$f":"$H$2","v":" AGOSTO / 2023   "}]
[null,"SERVIÇO:  ",{"$f":"VLOOKUP(A232,ORÇAMENTO!$A$10:$I$31,3)","v":"TRANSPORTE DE MASSA ASFÁLTICA COM CAMINHÃO BASCULANTE, EM VIA URBANA PAVIMENTADA (BDI DIFERENCIADO)"},null,"SINAPI",{"$f":"VLOOKUP(A232,ORÇAMENTO!$A$10:$I$31,4)","v":95427},"UNIDADE: ",{"$f":"VLOOKUP(A232,ORÇAMENTO!$A$10:$I$31,5)","v":"TXKM"}]
[]
[null,"TIPO ITEM","CODIGO ITEM","DESCRIÇÃO ITEM","UNIDADE ITEM","COEFICIENTE","PRECO UNITARIO","CUSTO TOTAL"]
[null,"COMPOSICAO","89883","CAMINHÃO BASCULANTE 18 M3, COM CAVALO MECÂNICO DE CAPACIDADE MÁXIMA DE TRAÇÃO COMBINADO DE 45000 KG, POTÊNCIA 330 CV, INCLUSIVE SEMIREBOQUE COM CAÇAMBA METÁLICA - CHP DIURNO. AF_12/2014","CHP","0,0019000","314,64",{"$f":"ROUNDDOWN(F237*G237,2)","v":0.59}]
[null,"COMPOSICAO","89884","CAMINHÃO BASCULANTE 18 M3, COM CAVALO MECÂNICO DE CAPACIDADE MÁXIMA DE TRAÇÃO COMBINADO DE 45000 KG, POTÊNCIA 330 CV, INCLUSIVE SEMIREBOQUE COM CAÇAMBA METÁLICA - CHI DIURNO. AF_12/2014","CHI","0,0008000","86,36",{"$f":"ROUNDDOWN(F238*G238,2)","v":0.06}]
[{"$nulls":7},{"$f":"ROUNDDOWN(F239*G239,2)","v":0}]
[null,"PRODUÇÃO DA EQUIPE",null,null,1,"CUSTO ",null,{"$f":"SUM(H237:H239)","v":0.64999999999999991}]
[null,"TOTAL",{"$nulls":5},{"$f":"H240/E240","v":0.64999999999999991},"OK"]
[null,"BDI                %",{"$nulls":5},{"$f":"1+$M$2","v":1.1499999999999999}]
[null,"TOTAL DO SERVIÇO - R$",{"$nulls":5},{"$f":"ROUND(H241*H242,2)","v":0.75}]
[]
[16,"CODEVASF",null,null," COMPOSIÇÃO DE PREÇO UNITÁRIO",null,null,null,{"$f":"H253","v":0.47},{"$f":"H255","v":0.54}]
[null,"OBRA:  ",{"$f":"$C$2","v":" PAVIMENTAÇÃO ASFÁLTICA EM CBUQ – PROLONGAMENTO DO BAIRRO SÃO GERALDO - ITEM 02 -  (MORADA NOVA DE MINAS / MG)"},null,null,null,"DATA: ",{"$f":"$H$2","v":" AGOSTO / 2023   "}]
[null,"SERVIÇO:  ",{"$f":"VLOOKUP(A245,ORÇAMENTO!$A$10:$I$31,3)","v":"TRANSPORTE COM CAMINHÃO TANQUE DE TRANSPORTE DE MATERIAL ASFÁLTICO DE 30000 L, EM VIA URBANA PAVIMENTADA (BDI DIFERENCIADO)"},null,"SINAPI",{"$f":"VLOOKUP(A245,ORÇAMENTO!$A$10:$I$31,4)","v":102331},"UNIDADE: ",{"$f":"VLOOKUP(A245,ORÇAMENTO!$A$10:$I$31,5)","v":"TXKM"}]
[]
[null,"TIPO ITEM","CODIGO ITEM","DESCRIÇÃO ITEM","UNIDADE ITEM","COEFICIENTE","PRECO UNITARIO","CUSTO TOTAL"]
[null,"COMPOSICAO","91645","CAMINHÃO DE TRANSPORTE DE MATERIAL ASFÁLTICO 30.000 L, COM CAVALO MECÂNICO DE CAPACIDADE MÁXIMA DE TRAÇÃO COMBINADO DE 66.000 KG, POTÊNCIA 360 CV, INCLUSIVE TANQUE DE ASFALTO COM SERPENTINA ","CHP","0,0011000",394.83,{"$f":"ROUNDDOWN(F250*G250,2)","v":0.43}]
[null,"COMPOSICAO","91646","CAMINHÃO DE TRANSPORTE DE MATERIAL ASFÁLTICO 30.000 L, COM CAVALO MECÂNICO DE CAPACIDADE MÁXIMA DE TRAÇÃO COMBINADO DE 66.000 KG, POTÊNCIA 360 CV, INCLUSIVE TANQUE DE ASFALTO COM SERPENTINA","CHI","0,0005000",90.79,{"$f":"ROUNDDOWN(F251*G251,2)","v":0.04}]
[null,"PRODUÇÃO DA EQUIPE",null,null,1,"CUSTO ",null,{"$f":"SUM(H250:H251)","v":0.47}]
[null,"TOTAL",{"$nulls":5},{"$f":"H252/E252","v":0.47},"OK"]
[null,"BDI                %",{"$nulls":5},{"$f":"1+$M$2","v":1.1499999999999999}]
[null,"TOTAL DO SERVIÇO - R$",{"$nulls":5},{"$f":"ROUND(H253*H254,2)","v":0.54}]
[]
[17,"CODEVASF",null,null," COMPOSIÇÃO DE PREÇO UNITÁRIO",null,null,null,{"$f":"H272","v":47.91},{"$f":"H274","v":58.56}]
[null,"OBRA:  ",{"$f":"$C$2","v":" PAVIMENTAÇÃO ASFÁLTICA EM CBUQ – PROLONGAMENTO DO BAIRRO SÃO GERALDO - ITEM 02 -  (MORADA NOVA DE MINAS / MG)"},null,null,null,"DATA: ",{"$f":"$H$2","v":" AGOSTO / 2023   "}]
[null,"SERVIÇO:  ",{"$f":"VLOOKUP(A257,ORÇAMENTO!$A$10:$I$31,3)","v":"GUIA (MEIO-FIO) E SARJETA CONJUGADOS DE CONCRETO, MOLDADA  IN LOCO  EM TRECHO RETO COM EXTRUSORA, 45 CM BASE (15 CM BASE DA GUIA + SARJETA (30 X 0,05))X 22 CM ALTURA"},null,"SINAPI",{"$f":"VLOOKUP(A257,ORÇAMENTO!$A$10:$I$31,4)","v":"94267a"},"UNIDADE: ",{"$f":"VLOOKUP(A257,ORÇAMENTO!$A$10:$I$31,5)","v":"M"}]
[]
[null,"TIPO ITEM","CODIGO ITEM","DESCRIÇÃO ITEM","UNIDADE ITEM","COEFICIENTE","PRECO UNITARIO","CUSTO TOTAL"]
[null,"INSUMO","370","AREIA MEDIA - POSTO JAZIDA/FORNECEDOR (RETIRADO NA JAZIDA, SEM TRANSPORTE)","M3","0,0150000","97,50",{"$f":"ROUNDDOWN(F262*G262,2)","v":1.46}]
[null,"INSUMO","34492","CONCRETO USINADO BOMBEAVEL, CLASSE DE RESISTENCIA C20, COM BRITA 0 E 1, SLUMP = 100 +/- 20 MM, EXCLUI SERVICO DE BOMBEAMENTO (NBR 8953)","M3",{"$f":" (0.15+0.13)*0.22 /2 + (0.3 *0.05)","v":4.5800000000000007E-2},"550,00",25.19]
[null,"COMPOSICAO","88243","AJUDANTE ESPECIALIZADO COM ENCARGOS COMPLEMENTARES","H","0,1090000","21,76",2.37]
[null,"COMPOSICAO","88309","PEDREIRO COM ENCARGOS COMPLEMENTARES","H","0,2440000","27,45",6.69]
[null,"COMPOSICAO","88316","SERVENTE COM ENCARGOS COMPLEMENTARES","H","0,4870000","19,76",9.6199999999999992]
[null,"COMPOSICAO","88631","ARGAMASSA TRAÇO 1:4 (EM VOLUME DE CIMENTO E AREIA MÉDIA ÚMIDA), PREPARO MANUAL. AF_08/2019","M3","0,0030000","575,87",1.72]
[null,"COMPOSICAO","92960","MÁQUINA EXTRUSORA DE CONCRETO PARA GUIAS E SARJETAS, MOTOR A DIESEL, POTÊNCIA 14 CV - CHP DIURNO. AF_12/2015","CHP","0,0180000","18,74",0.33]
[null,"COMPOSICAO","92961","MÁQUINA EXTRUSORA DE CONCRETO PARA GUIAS E SARJETAS, MOTOR A DIESEL, POTÊNCIA 14 CV - CHI DIURNO. AF_12/2015","CHI","0,0910000","5,89",0.53]
[{"$nulls":7},0]
[null,"PRODUÇÃO DA EQUIPE",null,null,1,"CUSTO ",null,{"$f":"SUM(H262:H270)","v":47.91}]
[null,"TOTAL",{"$nulls":5},{"$f":"H271/E271","v":47.91},"OK"]
[null,"BDI                %",{"$nulls":5},{"$f":"1+$M$1","v":1.2222}]
[null,"TOTAL DO SERVIÇO - R$",{"$nulls":5},{"$f":"ROUND(H272*H273,2)","v":58.56}]
[]
[18,"CODEVASF",null,null," COMPOSIÇÃO DE PREÇO UNITÁRIO",null,null,null,{"$f":"H290","v":5.5500000000000007},{"$f":"H292","v":6.78}]
[null,"OBRA:  ",{"$f":"$C$2","v":" PAVIMENTAÇÃO ASFÁLTICA EM CBUQ – PROLONGAMENTO DO BAIRRO SÃO GERALDO - ITEM 02 -  (MORADA NOVA DE MINAS / MG)"},null,null,null,"DATA: ",{"$f":"$H$2","v":" AGOSTO / 2023   "}]
[null,"SERVIÇO:  ",{"$f":"VLOOKUP(A276,ORÇAMENTO!$A$10:$I$35,3)","v":"PINTURA DE EIXO VIÁRIO SOBRE ASFALTO COM TINTA RETRORREFLETIVA A BASE DE RESINA ACRÍLICA COM MICROESFERAS DE VIDRO, APLICAÇÃO MECÂNICA COM DEMARCADORA AUTOPROPELIDA - ESPESSURA DE 0,10 MM"},null,"SINAPI",{"$f":"VLOOKUP(A276,ORÇAMENTO!$A$10:$I$39,4)","v":102512},"UNIDADE: ",{"$f":"VLOOKUP(A276,ORÇAMENTO!$A$10:$I$39,5)","v":"M"}]
[]
[null,"TIPO ITEM","CODIGO ITEM","DESCRIÇÃO ITEM","UNIDADE ITEM","COEFICIENTE","PRECO UNITARIO","CUSTO TOTAL"]
[null,"INSUMO","5318","DILUENTE AGUARRAS","L","0,0020000","26,76",{"$f":"ROUNDDOWN(F281*G281,2)","v":0.05}]
[null,"INSUMO","7343","TINTA ACRILICA A BASE DE SOLVENTE, PARA SINALIZACAO HORIZONTAL VIARIA (NBR 11862)","L","0,0430000","17,71",0.76]
[null,"INSUMO","44477","MICROESFERAS DE VIDRO PARA SINALIZACAO HORIZONTAL VIARIA, TIPO II-A (DROP-ON) - NBR  16184","KG","0,0250000","10,74",0.26]
[null,"INSUMO","44478","MICROESFERAS DE VIDRO PARA SINALIZACAO HORIZONTAL VIARIA, TIPO I-B (PREMIX) - NBR  16184","KG","0,0110000","10,74",0.11]
[null,"COMPOSICAO","88310","PINTOR COM ENCARGOS COMPLEMENTARES","H","0,0340000","28,66",0.97]
[null,"COMPOSICAO","88316","SERVENTE COM ENCARGOS COMPLEMENTARES","H","0,0140000","19,76",0.27]
[null,"COMPOSICAO","95133","MÁQUINA DEMARCADORA DE FAIXA DE TRÁFEGO À FRIO, AUTOPROPELIDA, POTÊNCIA 38 HP - CHP DIURNO. AF_07/2016","CHP","0,0003000","173,43",0.05]
[null,"COMPOSICAO","96159","MÁQUINA DEMARCADORA DE FAIXA DE TRÁFEGO À FRIO, AUTOPROPELIDA, POTÊNCIA 38 HP - CHI DIURNO. AF_07/2016","CHI","0,0334000","92,42",3.08]
[null,"PRODUÇÃO DA EQUIPE",null,null,1,"CUSTO ",null,{"$f":"SUM(H281:H288)","v":5.5500000000000007}]
[null,"TOTAL",{"$nulls":5},{"$f":"H289/E289","v":5.5500000000000007},"OK"]
[null,"BDI                %",{"$nulls":5},{"$f":"1+$M$1","v":1.2222}]
[null,"TOTAL DO SERVIÇO - R$",{"$nulls":5},{"$f":"ROUND(H290*H291,2)","v":6.78}]
[]
[19,"CODEVASF",null,null," COMPOSIÇÃO DE PREÇO UNITÁRIO",null,null,null,{"$f":"H301","v":2769.65},{"$f":"H303","v":3185.1}]
[null,"OBRA:  ",{"$f":"$C$2","v":" PAVIMENTAÇÃO ASFÁLTICA EM CBUQ – PROLONGAMENTO DO BAIRRO SÃO GERALDO - ITEM 02 -  (MORADA NOVA DE MINAS / MG)"},null,null,null,"DATA: ",{"$f":"$H$2","v":" AGOSTO / 2023   "}]
[null,"SERVIÇO:  ",{"$f":"VLOOKUP(A294,ORÇAMENTO!$A$10:$I$44,3)","v":"AQUISIÇÃO DE EMULSÃO ASFÁLTICA PARA IMPRIMAÇÃO (EAI) - EXCLUSIVE TRANSPORTE"},null,"SEINFRA",{"$f":"VLOOKUP(A294,ORÇAMENTO!$A$10:$I$44,4)","v":"CPU.4"},"UNIDADE: ",{"$f":"VLOOKUP(A294,ORÇAMENTO!$A$10:$I$44,5)","v":"T"}]
[]
[null,"TIPO ITEM","CODIGO ITEM","DESCRIÇÃO ITEM","UNIDADE ITEM","COEFICIENTE","PRECO UNITARIO","CUSTO TOTAL"]
[null,"INSUMO","ANP","EMULSÃO ASFÁLTICA PARA SERVIÇO DE IMPRIMAÇÃO (CUSTO ANP, INCLUINDO ICMS 18%)","T",1,{"$f":"2.27112*1000*1.2195122","v":2769.6585476639998},{"$f":"ROUNDDOWN(F299*G299,2)","v":2769.65}]
[null,"PRODUÇÃO DA EQUIPE",null,null,1,"CUSTO ",null,{"$f":"SUM(H299:H299)","v":2769.65}]
[null,"TOTAL",{"$nulls":5},{"$f":"H300/E300","v":2769.65}]
[null,"BDI                %",{"$nulls":5},{"$f":"1+$M$2","v":1.1499999999999999}]
[null,"TOTAL DO SERVIÇO - R$",{"$nulls":5},{"$f":"ROUND(H301*H302,2)","v":3185.1},"OK"]
[]
[20,"CODEVASF",null,null," COMPOSIÇÃO DE PREÇO UNITÁRIO",null,null,null,{"$f":"H312","v":2837.6},{"$f":"H314","v":3263.24}]
[null,"OBRA:  ",{"$f":"$C$2","v":" PAVIMENTAÇÃO ASFÁLTICA EM CBUQ – PROLONGAMENTO DO BAIRRO SÃO GERALDO - ITEM 02 -  (MORADA NOVA DE MINAS / MG)"},null,null,null,"DATA: ",{"$f":"$H$2","v":" AGOSTO / 2023   "}]
[null,"SERVIÇO:  ",{"$f":"VLOOKUP(A305,ORÇAMENTO!$A$10:$I$44,3)","v":"AQUISIÇÃO DE EMULSAO ASFALTICA CATIONICA RR-1C - EXCLUSIVE TRANSPORTE"},null,"SINAPI",{"$f":"VLOOKUP(A305,ORÇAMENTO!$A$10:$I$44,4)","v":"CPU.5"},"UNIDADE: ",{"$f":"VLOOKUP(A305,ORÇAMENTO!$A$10:$I$44,5)","v":"T"}]
[]
[null,"TIPO ITEM","CODIGO ITEM","DESCRIÇÃO ITEM","UNIDADE ITEM","COEFICIENTE","PRECO UNITARIO","CUSTO TOTAL"]
[null,"INSUMO","ANP","EMULSÃO ASFÁLTICA CATIÔNICA RR-1C(CUSTO ANP, INCLUINDO ICMS 18%)","T",1,{"$f":"2.32684*1.2195122*1000","v":2837.6097674479997},{"$f":"ROUNDDOWN(F310*G310,2)","v":2837.6}]
[null,"PRODUÇÃO DA EQUIPE",null,null,1,"CUSTO ",null,{"$f":"SUM(H310:H310)","v":2837.6}]
[null,"TOTAL",{"$nulls":5},{"$f":"H311/E311","v":2837.6},"OK"]
[null,"BDI                %",{"$nulls":5},{"$f":"1+$M$2","v":1.1499999999999999}]
[null,"TOTAL DO SERVIÇO - R$",{"$nulls":5},{"$f":"ROUND(H312*H313,2)","v":3263.24}]
[]
[21,"CODEVASF",null,null," COMPOSIÇÃO DE PREÇO UNITÁRIO",null,null,null,{"$f":"H323","v":580},{"$f":"H325","v":667}]
[null,"OBRA:  ",{"$f":"$C$2","v":" PAVIMENTAÇÃO ASFÁLTICA EM CBUQ – PROLONGAMENTO DO BAIRRO SÃO GERALDO - ITEM 02 -  (MORADA NOVA DE MINAS / MG)"},null,null,null,"DATA: ",{"$f":"$H$2","v":" AGOSTO / 2023   "}]
[null,"SERVIÇO:  ",{"$f":"VLOOKUP(A316,ORÇAMENTO!$A$10:$I$44,3)","v":"AQUISIÇÃO DE CONCRETO BETUMINOSO USINADO A QUENTE (CBUQ) PARA PAVIMENTACAO ASFALTICA, PADRAO DNIT, FAIXA C, COM CAP 50/70 - EXCLUSIVE TRANSPORTE"},null,"SINAPI",{"$f":"VLOOKUP(A316,ORÇAMENTO!$A$10:$I$44,4)","v":"CPU.6"},"UNIDADE: ",{"$f":"VLOOKUP(A316,ORÇAMENTO!$A$10:$I$44,5)","v":"T"}]
[]
[null,"TIPO ITEM","CODIGO ITEM","DESCRIÇÃO ITEM","UNIDADE ITEM","COEFICIENTE","PRECO UNITARIO","CUSTO TOTAL"]
[null,"INSUMO",1518,"CONCRETO BETUMINOSO USINADO A QUENTE (CBUQ) PARA PAVIMENTACAO ASFALTICA, PADRAO DNIT, FAIXA C, COM CAP 50/70 - AQUISICAO POSTO USINA","T",1,580,{"$f":"ROUNDDOWN(F321*G321,2)","v":580}]
[null,"PRODUÇÃO DA EQUIPE",null,null,1,"CUSTO ",null,{"$f":"SUM(H321:H321)","v":580}]
[null,"TOTAL",{"$nulls":5},{"$f":"H322/E322","v":580}]
[null,"BDI                %",{"$nulls":5},{"$f":"1+$M$2","v":1.1499999999999999}]
[null,"TOTAL DO SERVIÇO - R$",{"$nulls":5},{"$f":"ROUND(H323*H324,2)","v":667}]

{"sheet":"BDI SERV","index":2,"n_rows":37,"n_cols":20,"rows_kept":37,"cut":false,"hidden":false,"merged":[[31,1,31,2],[32,0,34,5],[36,0,36,5],[0,1,2,4],[3,1,4,1],[3,2,4,2],[28,0,28,5],[30,1,30,2]]}
[null,"DETALHAMENTO DO BDI - SERVIÇOS"]
[]
[]
[null,"Item","Descrição dos Serviços","%","%"]
[null,null,null,"PV","CD"]
[]
[null,1,"ADMINISTRAÇÃO CENTRAL"," ",4.01]
[null,"1.1","ESCRITÓRIO CENTRAL"," "," "]
[null,"1.2","VIAGENS"," "," "]
[null,"1.3","OUTROS"," "," "]
[null," "," "," "," "]
[null,2,"IMPOSTOS E TAXAS",{"$f":"SUM(D13:D16)","v":6.65},{"$f":"SUM(E13:E16)","v":8.31}]
[null,"2.1","ISS (*)",3,{"$f":"ROUND(D13*1.2515,2)","v":3.75}]
[null,"2.2","PIS",0.65,{"$f":"ROUND(D14*1.2515,2)","v":0.81}]
[null,"2.3","Cofins",3,{"$f":"ROUND(D15*1.2515,2)","v":3.75}]
[null,"2.4","CONTRIBUIÇÃO PREVIDENCIÁRIA SOBRE A RENDA BRUTA",0,{"$f":"ROUND(D16*1.2515,2)","v":0}]
[]
[null,3,"TAXA DE RISCO"," ",{"$f":"SUM(E19:E22)","v":0.96}]
[null,"3.1","SEGURO",null,0.2]
[null,"3.2","RISCO",null,0.56000000000000005]
[null,"3.3","GARANTIA",null,0.2]
[{"$nulls":19},{"$f":"1/0.82","v":1.2195121951219512}]
[null,4,"DESPESAS FINANCEIRAS"," ",1.1100000000000001]
[]
[null,5,"LUCRO",null,7.5]
[]
[null," ","BDI - CALCULADO"," ",{"$f":"ROUND((((1+(E7+E18)/100)*(1+E23/100)*(1+E25/100)/(1-D12/100)-1)*100),2)","v":22.22}]
[]
["BDI = ((1+((AC+S+R+G)/100))x(1+DF/100)x(1+L/100)/(1-I/100)-1)*100"]
[]
[null,"BDI (CALCULADO):",null,{"$f":"ROUND((((1+((E7+E18)/100))*(1+E23/100)*(1+E25/100))/(1-D12/100)-1)*100,2)","v":22.22},"%"]
[null," "]
["(*) ISS CONFORME LEI 2.226/2017 e LEI COMPLEMENTAR Nº 116/2003 - \nConsiderando as deduções previstas no Art. 106 - § 5º (Alíquota sobre 50% do valor dos serviços)"]
[]
[]
[]
["BDI EM CONFORMIDADE COM OS ACÓRDÃOS Nº 2369/2011 e ACÓRDÃO Nº 2.622/2013 - TCU - PLENÁRIO"]

{"sheet":"BDI FORN","index":3,"n_rows":37,"n_cols":5,"rows_kept":37,"cut":false,"hidden":false,"merged":[[31,1,31,2],[32,0,34,5],[36,0,36,5],[0,1,2,4],[3,1,4,1],[3,2,4,2],[28,0,28,5],[30,1,30,2]]}
[null,"DETALHAMENTO DO BDI - FORNECIMENTO \n(MATERIAL ASFÁLTICO)"]
[]
[]
[null,"Item","Descrição dos Serviços","%","%"]
[null,null,null,"PV","CD"]
[]
[null,1,"ADMINISTRAÇÃO CENTRAL"," ",3.72]
[null,"1.1","ESCRITÓRIO CENTRAL"," "," "]
[null,"1.2","VIAGENS"," "," "]
[null,"1.3","OUTROS"," "," "]
[null," "," "," "," "]
[null,2,"IMPOSTOS E TAXAS",{"$f":"SUM(D13:D16)","v":3.65},{"$f":"SUM(E13:E16)","v":4.5600000000000005}]
[null,"2.1","ISS (*)",null,{"$f":"ROUND(D13*1.2515,2)","v":0}]
[null,"2.2","PIS",0.65,{"$f":"ROUND(D14*1.2515,2)","v":0.81}]
[null,"2.3","Cofins",3,{"$f":"ROUND(D15*1.2515,2)","v":3.75}]
[null,"2.4","CONTRIBUIÇÃO PREVIDENCIÁRIA SOBRE A RENDA BRUTA",0,{"$f":"ROUND(D16*1.2515,2)","v":0}]
[]
[null,3,"TAXA DE RISCO"," ",{"$f":"SUM(E19:E22)","v":0.82000000000000006}]
[null,"3.1","SEGURO",null,0.16]
[null,"3.2","RISCO",null,0.5]
[null,"3.3","GARANTIA",null,0.16]
[]
[null,4,"DESPESAS FINANCEIRAS"," ",0.94]
[]
[null,5,"LUCRO",null,5]
[]
[null," ","BDI - CALCULADO"," ",{"$f":"ROUND((((1+(E7+E18)/100)*(1+E23/100)*(1+E25/100)/(1-D12/100)-1)*100),2)","v":15}]
[]
["BDI = ((1+((AC+S+R+G)/100))x(1+DF/100)x(1+L/100)/(1-I/100)-1)*100"]
[]
[null,"BDI (CALCULADO):",null,{"$f":"ROUND((((1+((E7+E18)/100))*(1+E23/100)*(1+E25/100))/(1-D12/100)-1)*100,2)","v":15},"%"]
[null," "]
[]
[]
[]
[]
["BDI EM CONFORMIDADE COM OS ACÓRDÃOS Nº 2369/2011 e ACÓRDÃO Nº 2.622/2013 - TCU - PLENÁRIO"]

{"sheet":"CRONOGRAMA","index":4,"n_rows":22,"n_cols":12,"rows_kept":22,"cut":false,"hidden":false,"merged":[[1,1,1,11],[2,1,3,1],[2,2,3,4],[2,6,2,11],[3,6,3,11],[4,1,4,9],[6,0,7,0],[6,1,7,1],[6,2,7,2],[8,0,9,0],[8,1,9,1],[8,2,9,2],[10,0,11,0],[10,1,11,1],[10,2,11,2],[12,0,13,0],[12,1,13,1],[12,2,13,2],[18,1,19,2],[21,1,25,11],[14,0,15,0],[14,1,15,1],[14,2,15,2],[16,0,17,0],[16,1,17,1],[16,2,17,2]]}
[]
[null,"CRONOGRAMA FÍSICO-FINANCEIRO"]
[null,"OBRA: ",{"$f":"ORÇAMENTO!C5","v":" PAVIMENTAÇÃO ASFÁLTICA EM CBUQ – PROLONGAMENTO DO BAIRRO SÃO GERALDO - ITEM 02 -  (MORADA NOVA DE MINAS / MG)"},null,null,"VALOR:",{"$f":"ORÇAMENTO!I37","v":2049588.53}]
[{"$nulls":5},"PRAZO: ","180 DIAS "]
[]
[null,"ITEM","ETAPAS/DESCRIÇAO","FISICO/  FINANCEIRO","TOTAL    ETAPAS","MÊS 1","MÊS 2","MÊS 3","MÊS 4","MÊS 5","MÊS 6","TOTAL"]
["A",{"$f":"VLOOKUP(A7,ORÇAMENTO!$A$9:$I$37,2)","v":1},{"$f":"VLOOKUP(A7,ORÇAMENTO!$A$9:$I$37,3)","v":"SERVIÇOS PRELIMINARES "},"FISICO ",{"$f":"ROUND(E8/$G$3,4)","v":7.3899999999999993E-2},0.25,0.15,0.15,0.15,0.1,0.2,{"$f":"SUM(F7:K7)","v":1}]
[null,null,null,"FINANCEIRO",{"$f":"ORÇAMENTO!I9","v":151463.26},{"$f":"ROUND($E$8*F7,2)","v":37865.82},22719.49,22719.49,22719.49,15146.33,30292.65,{"$f":"SUM(F8:K8)","v":151463.27000000002}]
["B",{"$f":"VLOOKUP(A9,ORÇAMENTO!$A$9:$I$37,2)","v":2},{"$f":"VLOOKUP(A9,ORÇAMENTO!$A$9:$I$37,3)","v":"PAVIMENTAÇÃO"},"FISICO ",{"$f":"ROUND(E10/$G$3,4)","v":0.1268},0.2,0.25,0.2,0.2,0.15,null,{"$f":"SUM(F9:K9)","v":1}]
[null,null,null,"FINANCEIRO",{"$f":"ORÇAMENTO!I15","v":259823.62},{"$f":"ROUND($E$10*F9,2)","v":51964.72},64955.91,51964.72,51964.72,38973.54,0,{"$f":"SUM(F10:K10)","v":259823.61000000002}]
["C",{"$f":"VLOOKUP(A11,ORÇAMENTO!$A$9:$I$37,2)","v":3},{"$f":"VLOOKUP(A11,ORÇAMENTO!$A$9:$I$37,3)","v":"TRANSPORTE DE MATERIAIS"},"FISICO ",{"$f":"ROUND(E12/$G$3,4)","v":8.2299999999999998E-2},0.15,0.25,0.2,0.15,0.1,0.15,{"$f":"SUM(F11:K11)","v":1}]
[null,null,null,"FINANCEIRO",{"$f":"ORÇAMENTO!I24","v":168624.97999999998},{"$f":"ROUND($E$12*F11,2)","v":25293.75},42156.25,33725,25293.75,16862.5,25293.75,{"$f":"SUM(F12:K12)-0.04","v":168624.96}]
["D",{"$f":"VLOOKUP(A13,ORÇAMENTO!$A$9:$I$37,2)","v":4},{"$f":"VLOOKUP(A13,ORÇAMENTO!$A$9:$I$37,3)","v":"TRANSPORTE DE MATERIAL ASFÁLTICO (BDI DIFERENCIADO)"},"FISICO ",{"$f":"ROUND(E14/$G$3,4)","v":8.5000000000000006E-2},null,0.1,0.25,0.35,0.3,null,{"$f":"SUM(F13:K13)","v":1}]
[null,null,null,"FINANCEIRO",{"$f":"ORÇAMENTO!I27","v":174150},{"$f":"ROUND($E$14*F13,2)","v":0},17415,43537.5,60952.5,52245,0,{"$f":"SUM(F14:K14)-0.02","v":174149.98}]
["E",{"$f":"VLOOKUP(A15,ORÇAMENTO!$A$9:$I$37,2)","v":5},{"$f":"VLOOKUP(A15,ORÇAMENTO!$A$9:$I$37,3)","v":"OBRAS COMPLEMENTARES"},"FISICO ",{"$f":"ROUND(E16/$G$3,4)","v":0.15740000000000001},null,null,null,0.15,0.45,0.4,{"$f":"SUM(F15:K15)","v":1}]
[null,null,null,"FINANCEIRO",{"$f":"ORÇAMENTO!I30","v":322692},{"$f":"ROUND($E$16*F15,2)","v":0},0,0,48403.8,145211.4,129076.8,{"$f":"SUM(F16:K16)-0.02","v":322691.98}]
["F",{"$f":"VLOOKUP(A17,ORÇAMENTO!$A$9:$I$37,2)","v":6},{"$f":"VLOOKUP(A17,ORÇAMENTO!$A$9:$I$37,3)","v":"FORNECIMENTOS - MATERIAL ASFÁLTICO (BDI DIFERENCIADO)"},"FISICO ",{"$f":"ROUND(E18/$G$3,4)","v":0.47460000000000002},null,0.1,0.25,0.35,0.3,null,{"$f":"SUM(F17:K17)","v":1}]
[null,null,null,"FINANCEIRO",{"$f":"ORÇAMENTO!I33","v":972834.67},{"$f":"ROUND($E$18*F17,2)","v":0},97283.47,243208.67,340492.13,291850.40000000002,0,{"$f":"SUM(F18:K18)-0.02","v":972834.65}]
[null,"TOTAL",null,"FISICO ",{"$f":"SUM(F19:K19)","v":1.0000000097580564},{"$f":"F20/$E$20","v":5.6169464414401266E-2},0.11930693230411472,0.19279741968501354,0.26826183985329,0.27336665959971979,9.0097693901516909E-2,{"$f":"SUM(F19:K19)","v":1.0000000097580564}]
[null,null,null,"FINANCEIRO",{"$f":"E12+E10+E8+E14+E18+E16","v":2049588.53},115124.29000000001,244530.12000000002,395155.38,549826.39,560289.17000000004,184663.2,{"$f":"SUM(F20:K20)-0.02","v":2049588.53}]
[]
[null,"OBSERVAÇÕES:"]